Municipios de México en un Mapa - Estadísticas

Estadísticas generales
  • Esta prueba ha sido intentada 2.874 veces
  • La puntuación promedio es 190 de 2456
Respuestas en el mapa
Las respuestas están codificadas por una escala verde-roja en el mapa de la prueba según el % correcto abajo.
 
Estadísticas de respuestas
Estado Municipio % Correcto
Baja California Tijuana
68%
Jalisco Guadalajara
63%
Baja California Sur | México La Paz
63%
Nuevo León Monterrey
63%
Baja California Mexicali
62%
Chiapas | Chihuahua | Coahuila de Zaragoza | +2 others Juárez
60%
Yucatán Mérida
58%
Chihuahua Chihuahua
55%
Guanajuato León
55%
Coahuila de Zaragoza San Pedro
55%
Puebla Puebla
54%
Sinaloa Culiacán
53%
Durango Durango
53%
Sonora Hermosillo
53%
Aguascalientes Aguascalientes
52%
Baja California Ensenada
52%
Coahuila de Zaragoza | Durango | Michoacán de Ocampo | +2 others Hidalgo
52%
Sinaloa Mazatlán
52%
Distrito Federal | Guerrero | Quintana Roo | +4 others Benito Juárez
51%
Veracruz de Ignacio de la Llave Veracruz
51%
Querétaro de Arteaga Querétaro
50%
San Luis Potosí San Luis Potosí
50%
Chihuahua | Nuevo León | Puebla | Zacatecas Guadalupe
49%
Baja California Sur Los Cabos
49%
Chihuahua | Coahuila de Zaragoza | Tamaulipas Matamoros
49%
Michoacán de Ocampo Morelia
49%
Zacatecas Zacatecas
49%
Campeche Campeche
48%
Guanajuato Guanajuato
48%
México Toluca
48%
Chihuahua | Coahuila de Zaragoza | Michoacán de Ocampo | +2 others Morelos
47%
Coahuila de Zaragoza Torreón
47%
Coahuila de Zaragoza Saltillo
46%
Tamaulipas Tampico
46%
Baja California Tecate
46%
Nayarit Tepic
46%
Colima Colima
45%
Jalisco Zapopan
45%
Jalisco Puerto Vallarta
44%
Guanajuato | Tamaulipas Victoria
44%
Chihuahua | Colima | Distrito Federal | Zacatecas Cuauhtémoc
43%
Tlaxcala Tlaxcala
42%
Chiapas Tuxtla Gutiérrez
41%
Morelos Cuernavaca
40%
Chihuahua | Coahuila de Zaragoza | Tamaulipas Guerrero
40%
Tamaulipas Nuevo Laredo
40%
Nuevo León Santiago
40%
Veracruz de Ignacio de la Llave Xalapa
40%
Distrito Federal Iztapalapa
39%
Distrito Federal Miguel Hidalgo
39%
Tamaulipas Reynosa
39%
Distrito Federal Xochimilco
39%
Coahuila de Zaragoza Piedras Negras
37%
Oaxaca | Tamaulipas San Nicolás
37%
Quintana Roo Cozumel
36%
Veracruz de Ignacio de la Llave Isla
36%
Baja California Sur | Zacatecas Loreto
36%
Distrito Federal Tlalpan
36%
Chiapas | Distrito Federal | Michoacán de Ocampo | Puebla Venustiano Carranza
36%
Distrito Federal | Michoacán de Ocampo Álvaro Obregón
35%
Campeche | Nuevo León Carmen
35%
Distrito Federal Coyoacán
35%
Michoacán de Ocampo | Quintana Roo | Tlaxcala Lázaro Cárdenas
35%
México Nezahualcóyotl
35%
Sonora | Veracruz de Ignacio de la Llave Nogales
35%
Guanajuato San Miguel de Allende
35%
Tamaulipas Tula
35%
Quintana Roo Tulum
35%
Coahuila de Zaragoza | Puebla | San Luis Potosí | Veracruz de Ignacio de la Llave Zaragoza
35%
Chihuahua | Coahuila de Zaragoza | Nuevo León Allende
34%
México Ecatepec de Morelos
34%
Colima Manzanillo
34%
Distrito Federal Milpa Alta
34%
Sinaloa Sinaloa
34%
Jalisco | Veracruz de Ignacio de la Llave Tequila
34%
Guanajuato Celaya
33%
Sonora Guaymas
33%
Distrito Federal Gustavo A. Madero
33%
Jalisco | Sonora | Veracruz de Ignacio de la Llave Magdalena
33%
Oaxaca Oaxaca de Juárez
33%
Baja California Playas de Rosarito
33%
Yucatán Valladolid
33%
Guanajuato Irapuato
32%
Nuevo León Mina
32%
Chihuahua | Coahuila de Zaragoza | Durango | +3 others Ocampo
32%
Nuevo León San Pedro Garza García
32%
Coahuila de Zaragoza Monclova
31%
Chiapas San Cristóbal de las Casas
31%
Guanajuato | Nuevo León | San Luis Potosí Santa Catarina
31%
Distrito Federal Azcapotzalco
30%
Nuevo León China
30%
Zacatecas Fresnillo
30%
Durango Gómez Palacio
30%
Quintana Roo Isla Mujeres
30%
Chiapas Ixtapa
30%
Distrito Federal Iztacalco
30%
Coahuila de Zaragoza | Yucatán Progreso
30%
Distrito Federal Tláhuac
30%
Coahuila de Zaragoza | Guanajuato | Nuevo León | Tamaulipas Abasolo
29%
Baja California Sur Mulegé
29%
Chihuahua | Sinaloa | Sonora Rosario
29%
Guanajuato Salamanca
29%
Guanajuato | Yucatán San Felipe
29%
Sonora San Luis Río Colorado
29%
Guerrero Acapulco de Juárez
28%
Veracruz de Ignacio de la Llave Orizaba
28%
Oaxaca | Sonora Santa Ana
28%
Sonora Santa Cruz
28%
Chiapas | Chihuahua | Tamaulipas Aldama
27%
Nuevo León Apodaca
27%
Michoacán de Ocampo Madero
27%
Hidalgo Pachuca de Soto
27%
Durango | Oaxaca | Querétaro de Arteaga San Juan del Río
27%
Tabasco Teapa
27%
México Texcoco
27%
Jalisco Tlaquepaque
27%
Michoacán de Ocampo Uruapan
27%
Michoacán de Ocampo Zamora
27%
Tamaulipas Casas
26%
México Chalco
26%
Veracruz de Ignacio de la Llave Coatzacoalcos
26%
México Cuautitlán
26%
Chihuahua Delicias
26%
Chiapas | Jalisco Tonalá
26%
Yucatán Baca
25%
Sinaloa Badiraguato
25%
Jalisco | Morelos Cuautla
25%
Hidalgo | Morelos | Tabasco | +2 others Emiliano Zapata
25%
Nuevo León García
25%
Sinaloa Guasave
25%
Distrito Federal La Magdalena Contreras
25%
Hidalgo | México Metepec
25%
Colima | Veracruz de Ignacio de la Llave Minatitlán
25%
Tamaulipas Río Bravo
25%
Nuevo León San Nicolás de los Garza
25%
Zacatecas Tabasco
25%
Morelos Tlalnepantla
25%
Veracruz de Ignacio de la Llave Xico
25%
Coahuila de Zaragoza Acuña
24%
San Luis Potosí | Tabasco Cárdenas
24%
Guerrero Chilpancingo de los Bravo
24%
Veracruz de Ignacio de la Llave Córdoba
24%
Distrito Federal Cuajimalpa de Morelos
24%
Durango | México El Oro
24%
Coahuila de Zaragoza Escobedo
24%
Coahuila de Zaragoza Frontera
24%
México Naucalpan de Juárez
24%
Sonora Puerto Peñasco
24%
Chiapas | Tamaulipas San Fernando
24%
Sinaloa San Ignacio
24%
México Teotihuacán
24%
Jalisco | Michoacán de Ocampo | Nayarit | Veracruz de Ignacio de la Llave Tuxpan
24%
México Valle de Bravo
24%
Guanajuato Acámbaro
23%
Sonora Agua Prieta
23%
Sinaloa Ahome
23%
Jalisco Ameca
23%
Coahuila de Zaragoza | Michoacán de Ocampo Arteaga
23%
Tabasco Centro
23%
Jalisco Chapala
23%
Baja California Sur Comondú
23%
Sinaloa El Fuerte
23%
Chihuahua | Coahuila de Zaragoza | Michoacán de Ocampo | Tamaulipas Jiménez
23%
Jalisco Lagos de Moreno
23%
Sonora Navojoa
23%
Guanajuato Silao
23%
Sonora Alamos
22%
Tamaulipas Altamira
22%
Nuevo León Anáhuac
22%
Sonora Cajeme
22%
Campeche Calakmul
22%
Aguascalientes Calvillo
22%
Nayarit Jala
22%
México Lerma
22%
Nuevo León Linares
22%
San Luis Potosí Matehuala
22%
México | Nuevo León | Zacatecas Melchor Ocampo
22%
Michoacán de Ocampo Pátzcuaro
22%
Coahuila de Zaragoza Ramos Arizpe
22%
Chiapas | México | San Luis Potosí | Sonora Rayón
22%
Nayarit San Blas
22%
Tamaulipas San Carlos
22%
Jalisco San Juan de los Lagos
22%
Puebla Tehuacán
22%
Morelos Tepoztlán
22%
Sonora Caborca
21%
Chihuahua | Tamaulipas Camargo
21%
Chihuahua Casas Grandes
21%
San Luis Potosí Ciudad Valles
21%
Coahuila de Zaragoza Cuatro Ciénegas
21%
México Ixtlahuaca
21%
Zacatecas Jalpa
21%
Aguascalientes | Jalisco Jesús María
21%
Durango Lerdo
21%
Chihuahua López
21%
San Luis Potosí | Sonora Moctezuma
21%
San Luis Potosí San Antonio
21%
Querétaro de Arteaga Tequisquiapan
21%
México Amecameca
20%
Michoacán de Ocampo Apatzingán
20%
México Atlacomulco
20%
Coahuila de Zaragoza Candela
20%
Coahuila de Zaragoza | Hidalgo Francisco I. Madero
20%
Chihuahua | Jalisco | Tamaulipas Gómez Farías
20%
México Huixquilucan
20%
Quintana Roo José María Morelos
20%
Nuevo León Montemorelos
20%
Sonora Naco
20%
Coahuila de Zaragoza Parras
20%
Zacatecas Río Grande
20%
Coahuila de Zaragoza Sabinas
20%
Durango | Puebla Vicente Guerrero
20%
Jalisco | Oaxaca | San Luis Potosí | +2 others Villa Hidalgo
20%
Puebla Zacatlán
20%
México Chimalhuacán
19%
Sinaloa Choix
19%
Tamaulipas Ciudad Madero
19%
Colima Comala
19%
Jalisco El Salto
19%
Quintana Roo Felipe Carrillo Puerto
19%
Chihuahua | Nuevo León Galeana
19%
Tabasco Macuspana
19%
Chihuahua Madera
19%
Tamaulipas Mier
19%
Guanajuato Moroleón
19%
Coahuila de Zaragoza Múzquiz
19%
Chihuahua Ojinaga
19%
Quintana Roo Othón P. Blanco
19%
Chiapas Palenque
19%
Veracruz de Ignacio de la Llave | Zacatecas Pánuco
19%
Chiapas | Michoacán de Ocampo San Lucas
19%
San Luis Potosí Santo Domingo
19%
Quintana Roo Solidaridad
19%
Guerrero Taxco de Alarcón
19%
Jalisco Tlajomulco de Zúñiga
19%
Nayarit Xalisco
19%
México Zumpango
19%
Campeche Champotón
18%
Querétaro de Arteaga Colón
18%
Querétaro de Arteaga Corregidora
18%
Aguascalientes El Llano
18%
Campeche Escárcega
18%
Sinaloa Escuinapa
18%
México Ixtapaluca
18%
México Ixtapan de la Sal
18%
Michoacán de Ocampo | Veracruz de Ignacio de la Llave Los Reyes
18%
Tamaulipas Miguel Alemán
18%
Jalisco Ocotlán
18%
Durango | Guanajuato Pueblo Nuevo
18%
San Luis Potosí Rioverde
18%
Guerrero | Jalisco San Marcos
18%
Tamaulipas Soto la Marina
18%
México Tepotzotlán
18%
Guanajuato | Tamaulipas Villagrán
18%
Sinaloa Angostura
17%
Guanajuato Apaseo el Grande
17%
Aguascalientes Asientos
17%
México Atizapán
17%
Campeche Calkiní
17%
Campeche Candelaria
17%
Sinaloa Cosalá
17%
México Cuautitlán Izcalli
17%
Guanajuato Dolores Hidalgo Cuna de la Independencia Nacional
17%
Tamaulipas El Mante
17%
Sinaloa Elota
17%
Durango | Puebla Guadalupe Victoria
17%
Tamaulipas Gustavo Díaz Ordaz
17%
Durango Indé
17%
Nuevo León Iturbide
17%
Colima Ixtlahuacán
17%
Zacatecas Jerez
17%
Durango Mapimí
17%
Sinaloa Mocorito
17%
Coahuila de Zaragoza Nava
17%
Sinaloa Navolato
17%
Veracruz de Ignacio de la Llave Papantla
17%
Nuevo León Pesquería
17%
Puebla San Pedro Cholula
17%
Chihuahua Santa Isabel
17%
Chiapas Tapachula
17%
Guanajuato | Veracruz de Ignacio de la Llave Tierra Blanca
17%
Sonora Arizpe
16%
Veracruz de Ignacio de la Llave Boca del Río
16%
Nuevo León | Tamaulipas Bustamante
16%
Aguascalientes Cosío
16%
San Luis Potosí El Naranjo
16%
Tamaulipas González
16%
Guerrero Iguala de la Independencia
16%
Tabasco Jalapa
16%
Jalisco Mascota
16%
Chihuahua Nuevo Casas Grandes
16%
Tabasco Paraíso
16%
Zacatecas Pinos
16%
Yucatán Quintana Roo
16%
Oaxaca Salina Cruz
16%
Coahuila de Zaragoza San Buenaventura
16%
Durango Santa Clara
16%
México Tlalnepantla de Baz
16%
México Villa del Carbón
16%
Coahuila de Zaragoza Villa Unión
16%
México Acambay
15%
México Acolman
15%
México Aculco
15%
Chihuahua Ahumada
15%
Hidalgo Almoloya
15%
Sonora Altar
15%
Guanajuato Apaseo el Alto
15%
México Atenco
15%
Puebla Atlixco
15%
Nayarit Bahía de Banderas
15%
Sonora Cananea
15%
Veracruz de Ignacio de la Llave Catemaco
15%
San Luis Potosí Catorce
15%
México Chapultepec
15%
Sinaloa Concordia
15%
Sonora Empalme
15%
Campeche Hopelchén
15%
Chihuahua Ignacio Zaragoza
15%
Puebla Jalpan
15%
Durango Mezquital
15%
Chiapas Ocosingo
15%
México Otumba
15%
Aguascalientes Pabellón de Arteaga
15%
Aguascalientes Rincón de Romos
15%
San Luis Potosí Salinas
15%
Aguascalientes San Francisco de los Romo
15%
Guanajuato San Luis de la Paz
15%
México Tecámac
15%
Hidalgo Tizayuca
15%
México Tultitlán
15%
Tamaulipas Xicoténcatl
15%
Michoacán de Ocampo Aguililla
14%
Veracruz de Ignacio de la Llave Alvarado
14%
Querétaro de Arteaga Arroyo Seco
14%
Jalisco Ayutla
14%
Chihuahua Buenaventura
14%
Tamaulipas Burgos
14%
Nuevo León Cadereyta Jiménez
14%
Nuevo León Cerralvo
14%
Chiapas Chiapa de Corzo
14%
Nayarit Compostela
14%
Sonora General Plutarco Elías Calles
14%
Campeche Hecelchakán
14%
México Huehuetoca
14%
Guerrero Juchitán
14%
Jalisco La Barca
14%
Chihuahua La Cruz
14%
Zacatecas Mazapil
14%
Chiapas | Sonora Mazatán
14%
Durango Nazas
14%
Jalisco Ojuelos de Jalisco
14%
Campeche Palizada
14%
Veracruz de Ignacio de la Llave Río Blanco
14%
Chihuahua Rosales
14%
Coahuila de Zaragoza Sacramento
14%
Sinaloa Salvador Alvarado
14%
Durango San Bernardo
14%
Jalisco | Nayarit Santa María del Oro
14%
México Santo Tomás
14%
Coahuila de Zaragoza Sierra Mojada
14%
Jalisco Tala
14%
Colima Tecomán
14%
Tabasco Tenosique
14%
Aguascalientes Tepezalá
14%
México Valle de Chalco Solidaridad
14%
Tamaulipas Valle Hermoso
14%
Coahuila de Zaragoza Viesca
14%
Sonora Yécora
14%
Jalisco Zapotlanejo
14%
Michoacán de Ocampo Zitácuaro
14%
Hidalgo | Puebla | Veracruz de Ignacio de la Llave Acatlán
13%
México Almoloya de Juárez
13%
Chihuahua Aquiles Serdán
13%
Colima Armería
13%
Chihuahua Ascensión
13%
Sonora Bavispe
13%
Coahuila de Zaragoza Castaños
13%
San Luis Potosí Ciudad del Maíz
13%
Guanajuato Comonfort
13%
Chihuahua El Tule
13%
Sonora Fronteras
13%
Coahuila de Zaragoza General Cepeda
13%
Chihuahua Guadalupe y Calvo
13%
Nuevo León Los Ramones
13%
Tamaulipas Méndez
13%
Coahuila de Zaragoza Nadadores
13%
México Nicolás Romero
13%
Durango Nombre de Dios
13%
Nayarit Ruíz
13%
Puebla San Andrés Cholula
13%
Aguascalientes San José de Gracia
13%
Coahuila de Zaragoza San Juan de Sabinas
13%
México San Mateo Atenco
13%
Hidalgo San Salvador
13%
Jalisco Sayula
13%
Durango Tamazula
13%
Campeche Tenabo
13%
Yucatán Tizimín
13%
México Tultepec
13%
Zacatecas Valparaíso
13%
Colima Villa de Álvarez
13%
Morelos Zacatepec
13%
Tamaulipas Antiguo Morelos
12%
Jalisco Arandas
12%
Chiapas Arriaga
12%
México Atizapán de Zaragoza
12%
Morelos Ayala
12%
Michoacán de Ocampo Buenavista
12%
Tabasco Centla
12%
Puebla | Veracruz de Ignacio de la Llave Coatepec
12%
Veracruz de Ignacio de la Llave Cuitláhuac
12%
Nuevo León Dr. Coss
12%
Jalisco El Limón
12%
Querétaro de Arteaga El Marqués
12%
Nuevo León Gral. Terán
12%
Chihuahua Gran Morelos
12%
Sonora Huatabampo
12%
Yucatán Izamal
12%
Chihuahua Janos
12%
México Jilotzingo
12%
Zacatecas Juan Aldama
12%
Coahuila de Zaragoza Lamadrid
12%
Jalisco Mazamitla
12%
México Ozumba
12%
Guanajuato Pénjamo
12%
Nuevo León Rayones
12%
Chihuahua Riva Palacio
12%
Querétaro de Arteaga San Joaquín
12%
México San Martín de las Pirámides
12%
San Luis Potosí Santa María del Río
12%
Michoacán de Ocampo Tangamandapio
12%
Puebla Tlanepantla
12%
San Luis Potosí Venado
12%
Morelos Yecapixtla
12%
Hidalgo Zempoala
12%
Puebla | Veracruz de Ignacio de la Llave Acajete
11%
Hidalgo | Veracruz de Ignacio de la Llave Actopan
11%
Chiapas Altamirano
11%
Chihuahua Batopilas
11%
Durango Canelas
11%
Veracruz de Ignacio de la Llave Carrillo Puerto
11%
Puebla Chila
11%
Guerrero | Jalisco Cocula
11%
Colima Coquimatlán
11%
México | Puebla Coyotepec
11%
Chihuahua Dr. Belisario Domínguez
11%
Nuevo León Dr. González
11%
Nuevo León Gral. Zaragoza
11%
Chihuahua Hidalgo del Parral
11%
Puebla Honey
11%
Morelos Jojutla
11%
Oaxaca La Pe
11%
Michoacán de Ocampo La Piedad
11%
Chiapas Las Rosas
11%
Tamaulipas Llera
11%
Nuevo León Los Aldamas
11%
Veracruz de Ignacio de la Llave Medellín
11%
Tamaulipas Nuevo Morelos
11%
Sonora Pitiquito
11%
Guanajuato Salvatierra
11%
Guanajuato San Francisco del Rincón
11%
Zacatecas Sombrerete
11%
Jalisco | Veracruz de Ignacio de la Llave Tomatlán
11%
Hidalgo Tulancingo de Bravo
11%
Chihuahua Valle de Zaragoza
11%
San Luis Potosí Villa Juárez
11%
Zacatecas Villanueva
11%
Guanajuato Yuriria
11%
Sonora Aconchi
10%
México Almoloya del Río
10%
Michoacán de Ocampo Ario
10%
Chihuahua Balleza
10%
Jalisco Bolaños
10%
San Luis Potosí Cedral
10%
Yucatán Celestún
10%
San Luis Potosí Cerritos
10%
México Chiconcuac
10%
Puebla Chignahuapan
10%
México Coacalco de Berriozábal
10%
Tabasco Comalcalco
10%
Chihuahua Coyame del Sotol
10%
Durango Cuencamé
10%
Zacatecas El Salvador
10%
Chiapas Escuintla
10%
Veracruz de Ignacio de la Llave Fortín
10%
Tamaulipas Güémez
10%
Tlaxcala Huamantla
10%
Michoacán de Ocampo Ixtlán
10%
México | Veracruz de Ignacio de la Llave Jilotepec
10%
Sonora La Colorada
10%
Puebla Libres
10%
Yucatán Maní
10%
Chihuahua Manuel Benavides
10%
Hidalgo Mineral del Chico
10%
Oaxaca Natividad
10%
Puebla Nicolás Bravo
10%
Veracruz de Ignacio de la Llave Pueblo Viejo
10%
Durango Rodeo
10%
Jalisco San Julián
10%
Chihuahua Santa Bárbara
10%
Oaxaca Santa María Huatulco
10%
Durango Santiago Papasquiaro
10%
Veracruz de Ignacio de la Llave Soconusco
10%
San Luis Potosí Soledad de Graciano Sánchez
10%
Durango Súchil
10%
Yucatán Tekax
10%
México Tenango del Aire
10%
San Luis Potosí Tierra Nueva
10%
Jalisco | Querétaro de Arteaga Tolimán
10%
Michoacán de Ocampo Tzintzuntzan
10%
Zacatecas Villa de Cos
10%
Jalisco | México Villa Guerrero
10%
Nuevo León Villaldama
10%
México Villa Victoria
10%
San Luis Potosí Xilitla
10%
México Zinacantepec
10%
Nayarit Acaponeta
9%
Veracruz de Ignacio de la Llave Agua Dulce
9%
Querétaro de Arteaga Amealco de Bonfil
9%
México Apaxco
9%
Tlaxcala Apizaco
9%
Michoacán de Ocampo | Veracruz de Ignacio de la Llave Aquila
9%
Sonora Arivechi
9%
Veracruz de Ignacio de la Llave Banderilla
9%
Querétaro de Arteaga Cadereyta de Montes
9%
Zacatecas Calera
9%
Veracruz de Ignacio de la Llave Cerro Azul
9%
Chihuahua Coronado
9%
Michoacán de Ocampo Cotija
9%
Nayarit Del Nayar
9%
Nuevo León Dr. Arroyo
9%
San Luis Potosí Ebano
9%
Puebla Esperanza
9%
Querétaro de Arteaga Ezequiel Montes
9%
Durango General Simón Bolívar
9%
Nuevo León Gral. Escobedo
9%
Sonora Granados
9%
Chihuahua Guachochi
9%
Hidalgo Huautla
9%
Tabasco Huimanguillo
9%
México Ixtapan del Oro
9%
Tamaulipas Jaumave
9%
Morelos Jiutepec
9%
Veracruz de Ignacio de la Llave La Antigua
9%
Jalisco La Huerta
9%
Chiapas La Independencia
9%
Chiapas La Libertad
9%
Chiapas Las Margaritas
9%
Tamaulipas Mainero
9%
México Malinalco
9%
Nuevo León Marín
9%
Jalisco Mezquitic
9%
Hidalgo Mineral del Monte
9%
Tamaulipas Miquihuana
9%
Tlaxcala Natívitas
9%
Zacatecas Ojocaliente
9%
Tamaulipas Padilla
9%
Tamaulipas Palmillas
9%
Yucatán Peto
9%
Querétaro de Arteaga Pinal de Amoles
9%
Veracruz de Ignacio de la Llave Poza Rica de Hidalgo
9%
Chihuahua Praxedis G. Guerrero
9%
Chiapas Reforma
9%
Yucatán Río Lagartos
9%
Chihuahua San Francisco del Oro
9%
Yucatán Santa Elena
9%
Oaxaca Santiago Pinotepa Nacional
9%
Michoacán de Ocampo Tacámbaro
9%
Veracruz de Ignacio de la Llave Tampico Alto
9%
Morelos Temixco
9%
México Tenango del Valle
9%
Durango Tepehuanes
9%
Zacatecas Tepetongo
9%
Durango Topia
9%
Sonora Ures
9%
Guanajuato Uriangato
9%
Veracruz de Ignacio de la Llave Villa Aldama
9%
Guanajuato Xichú
9%
Jalisco Zapotiltic
9%
Jalisco Zapotlán el Grande
9%
Nuevo León Agualeguas
8%
México Almoloya de Alquisiras
8%
México Amatepec
8%
Hidalgo Apan
8%
Nuevo León Aramberri
8%
Jalisco | Veracruz de Ignacio de la Llave Atoyac
8%
Sonora Bácum
8%
Tabasco Balancán
8%
Chiapas Bella Vista
8%
Durango Canatlán
8%
México Chapa de Mota
8%
México Chicoloapan
8%
Michoacán de Ocampo Chilchota
8%
Nuevo León Ciénega de Flores
8%
Jalisco Colotlán
8%
Zacatecas Concepción del Oro
8%
Guanajuato Cortazar
8%
Tamaulipas Cruillas
8%
Guanajuato Doctor Mora
8%
Hidalgo | Jalisco El Arenal
8%
Chiapas El Bosque
8%
Sonora Etchojoa
8%
Nuevo León Gral. Zuazua
8%
Durango Guanaceví
8%
Jalisco Ixtlahuacán de los Membrillos
8%
Querétaro de Arteaga Jalpan de Serra
8%
Guanajuato Jerécuaro
8%
Nuevo León Lampazos de Naranjo
8%
Querétaro de Arteaga Landa de Matamoros
8%
Veracruz de Ignacio de la Llave La Perla
8%
Yucatán Mama
8%
Veracruz de Ignacio de la Llave Martínez de la Torre
8%
Chihuahua Meoqui
8%
Yucatán Motul
8%
Tabasco Nacajuca
8%
Sonora Nacozari de García
8%
Veracruz de Ignacio de la Llave Naranjal
8%
Nuevo León Parás
8%
Querétaro de Arteaga Pedro Escobedo
8%
Veracruz de Ignacio de la Llave Perote
8%
Guanajuato Romita
8%
Nuevo León Sabinas Hidalgo
8%
Nuevo León Salinas Victoria
8%
Jalisco San Gabriel
8%
Sonora San Ignacio Río Muerto
8%
Sonora San Javier
8%
Durango San Luis del Cordero
8%
Puebla San Martín Texmelucan
8%
Durango San Pedro del Gallo
8%
Veracruz de Ignacio de la Llave San Rafael
8%
Yucatán Temax
8%
Veracruz de Ignacio de la Llave Tenochtitlán
8%
Chiapas Tila
8%
Durango Tlahualilo
8%
Puebla Tlaltenango
8%
Hidalgo Tula de Allende
8%
Yucatán Ucú
8%
Guanajuato Valle de Santiago
8%
Michoacán de Ocampo Vista Hermosa
8%
Veracruz de Ignacio de la Llave Yanga
8%
Jalisco Zapotlán del Rey
8%
Veracruz de Ignacio de la Llave Acayucan
7%
México Amanalco
7%
Veracruz de Ignacio de la Llave Amatitlán
7%
Puebla Amozoc
7%
Guanajuato Atarjea
7%
Jalisco Atotonilco el Alto
7%
Chiapas Benemérito de las Américas
7%
Chihuahua Bocoyna
7%
Jalisco Cabo Corrientes
7%
Sonora Carbó
7%
Yucatán Chemax
7%
México | Puebla Chiautla
7%
Puebla Chila de la Sal
7%
San Luis Potosí Ciudad Fernández
7%
Durango Coneto de Comonfort
7%
Guanajuato Cuerámaro
7%
Tabasco Cunduacán
7%
México Donato Guerra
7%
Jalisco Encarnación de Díaz
7%
Tlaxcala Españita
7%
Zacatecas Genaro Codina
7%
Nuevo León Gral. Bravo
7%
Nuevo León Gral. Treviño
7%
San Luis Potosí Guadalcázar
7%
Puebla Hermenegildo Galeana
7%
Nuevo León Higueras
7%
Nuevo León Hualahuises
7%
Puebla Huauchinango
7%
Querétaro de Arteaga Huimilpan
7%
Puebla Ixtepec
7%
Jalisco Ixtlahuacán del Río
7%
Jalisco Jalostotitlán
7%
Tabasco Jalpa de Méndez
7%
Jalisco Jamay
7%
Tabasco Jonuta
7%
México Juchitepec
7%
Chiapas La Grandeza
7%
Michoacán de Ocampo | San Luis Potosí Lagunillas
7%
Nayarit La Yesca
7%
Nuevo León Los Herreras
7%
Michoacán de Ocampo Maravatío
7%
Chihuahua Matachí
7%
Yucatán Maxcanú
7%
México Mexicaltzingo
7%
Nuevo León Mier y Noriega
7%
Chihuahua Moris
7%
Sonora Nácori Chico
7%
Durango Nuevo Ideal
7%
Durango Otáez
7%
Querétaro de Arteaga Peñamiller
7%
Durango Peñón Blanco
7%
Chiapas Pijijiapan
7%
Hidalgo Pisaflores
7%
Durango Poanas
7%
Guanajuato Purísima del Rincón
7%
Nayarit Rosamorada
7%
Sonora Sahuaripa
7%
Guanajuato San Diego de la Unión
7%
Durango San Dimas
7%
Guanajuato San José Iturbide
7%
Durango San Juan de Guadalupe
7%
Oaxaca San Lorenzo
7%
Sonora Sáric
7%
Tabasco Tacotalpa
7%
San Luis Potosí Tamazunchale
7%
Yucatán Teabo
7%
Puebla Tecamachalco
7%
Yucatán Tekit
7%
Yucatán Tekom
7%
Yucatán Telchac Pueblo
7%
Yucatán Telchac Puerto
7%
México | Tlaxcala Tenancingo
7%
Jalisco Tepatitlán de Morelos
7%
Hidalgo Tepetitlán
7%
México Tlalmanalco
7%
México Tlatlaya
7%
Puebla | Tlaxcala Tlaxco
7%
Chiapas Tuxtla Chico
7%
Yucatán Umán
7%
Nuevo León Vallecillo
7%
Chiapas Villaflores
7%
Morelos Yautepec
7%
Puebla Zapotitlán
7%
Nayarit | Puebla Ahuacatlán
6%
San Luis Potosí Ahualulco
6%
Nayarit Amatlán de Cañas
6%
Zacatecas Apozol
6%
San Luis Potosí Aquismón
6%
Sonora Atil
6%
Sonora Bacadéhuachi
6%
Sonora Bacanora
6%
Sonora Baviácora
6%
Sonora Benjamín Hill
6%
Chihuahua Carichí
6%
Veracruz de Ignacio de la Llave Chalma
6%
San Luis Potosí Charcas
6%
Chiapas Chenalhó
6%
Guanajuato Coroneo
6%
Guerrero Coyuca de Benítez
6%
Guerrero Coyuca de Catalán
6%
Michoacán de Ocampo Cuitzeo
6%
Jalisco Degollado
6%
Veracruz de Ignacio de la Llave El Higo
6%
Chihuahua Guazapares
6%
Yucatán Halachó
6%
Nayarit Huajicori
6%
Hidalgo Huasca de Ocampo
6%
Hidalgo | Puebla Huehuetla
6%
Puebla Huejotzingo
6%
Sonora Imuris
6%
México Isidro Fabela
6%
Nayarit Ixtlán del Río
6%
Puebla Izúcar de Matamoros
6%
Jalisco Jocotepec
6%
Hidalgo La Misión
6%
Oaxaca La Reforma
6%
Veracruz de Ignacio de la Llave Las Minas
6%
México Luvianos
6%
Guanajuato Manuel Doblado
6%
Zacatecas Momax
6%
Oaxaca Monjas
6%
Chihuahua Namiquipa
6%
Zacatecas Nochistlán de Mejía
6%
Chihuahua Nonoava
6%
México Ocoyoacac
6%
Durango Pánuco de Coronado
6%
México Papalotla
6%
Michoacán de Ocampo Quiroga
6%
Chihuahua San Francisco de Borja
6%
Chihuahua San Francisco de Conchos
6%
Guanajuato Santa Cruz de Juventino Rosas
6%
Oaxaca Santa María Atzompa
6%
Nayarit Santiago Ixcuintla
6%
Chihuahua Saucillo
6%
Chiapas Suchiate
6%
San Luis Potosí Tamasopo
6%
San Luis Potosí Tamuín
6%
Veracruz de Ignacio de la Llave Tantoyuca
6%
Guanajuato Tarimoro
6%
Veracruz de Ignacio de la Llave Tecolutla
6%
Chihuahua Temósachic
6%
Sonora Tepache
6%
Morelos Tetela del Volcán
6%
Jalisco Teuchitlán
6%
Sonora Trincheras
6%
Chiapas Unión Juárez
6%
Chihuahua Urique
6%
Zacatecas Vetagrande
6%
México Villa de Allende
6%
San Luis Potosí Villa de Reyes
6%
Zacatecas Villa García
6%
Michoacán de Ocampo Villamar
6%
Morelos Xochitepec
6%
México Zacazonapan
6%
Jalisco Acatic
5%
Veracruz de Ignacio de la Llave Acula
5%
San Luis Potosí Alaquines
5%
Michoacán de Ocampo Angangueo
5%
Zacatecas Apulco
5%
Jalisco Autlán de Navarro
5%
Jalisco Ayotlán
5%
Sonora Bacerac
5%
Chihuahua Bachíniva
5%
Chiapas Berriozábal
5%
México Calimaya
5%
Tlaxcala Calpulalpan
5%
Zacatecas Cañitas de Felipe Pescador
5%
San Luis Potosí Cerro de San Pedro
5%
Zacatecas Chalchihuites
5%
Chiapas Chilón
5%
Chihuahua Chínipas
5%
Jalisco Cihuatlán
5%
Chiapas Cintalapa
5%
Chiapas Comitán de Domínguez
5%
Guerrero Copala
5%
Sonora Cucurpe
5%
Sonora Cumpas
5%
Chihuahua Cusihuiriachi
5%
Sonora Divisaderos
5%
México Ecatzingo
5%
Jalisco Ejutla
5%
Oaxaca El Espinal
5%
Jalisco El Grullo
5%
Puebla General Felipe Ángeles
5%
Oaxaca Heroica Ciudad de Tlaxiaco
5%
Guanajuato Huanímaro
5%
Chihuahua Huejotitán
5%
Jalisco Huejuquilla el Alto
5%
Morelos Huitzilac
5%
Yucatán Ixil
5%
Hidalgo Ixmiquilpan
5%
México Jaltenco
5%
Guanajuato Jaral del Progreso
5%
Zacatecas Jiménez del Teul
5%
Jalisco Juanacatlán
5%
Zacatecas Juchipila
5%
Chihuahua Julimes
5%
Chiapas La Concordia
5%
Veracruz de Ignacio de la Llave Las Choapas
5%
Veracruz de Ignacio de la Llave Lerdo de Tejada
5%
Oaxaca Loma Bonita
5%
Zacatecas Luis Moya
5%
Chihuahua Maguarichi
5%
Zacatecas Mezquital del Oro
5%
Hidalgo Mineral de la Reforma
5%
Puebla Mixtla
5%
Zacatecas Monte Escobedo
5%
Yucatán Muna
5%
Veracruz de Ignacio de la Llave Nautla
5%
México Nextlalpan
5%
México Nopaltepec
5%
Chiapas | Puebla Ocotepec
5%
Sonora Opodepe
5%
Sonora Oquitoa
5%
México Polotitlán
5%
Jalisco Poncitlán
5%
Sonora Quiriego
5%
Michoacán de Ocampo Sahuayo
5%
Sonora San Felipe de Jesús
5%
México San Felipe del Progreso
5%
México San José del Rincón
5%
Oaxaca San Juan Bautista Tuxtepec
5%
Sonora San Miguel de Horcasitas
5%
Jalisco San Miguel el Alto
5%
Jalisco San Sebastián del Oeste
5%
Zacatecas Santa María de la Paz
5%
Oaxaca Santa María Ecatepec
5%
Guanajuato Santiago Maravatío
5%
Chihuahua Satevó
5%
Jalisco Talpa de Allende
5%
Jalisco Tapalpa
5%
Guanajuato Tarandacuao
5%
Nayarit Tecuala
5%
México Temoaya
5%
Jalisco Teocaltiche
5%
Puebla Tepeaca
5%
Yucatán Teya
5%
Puebla Teziutlán
5%
México Tezoyuca
5%
Jalisco Tonaya
5%
Zacatecas Trancoso
5%
Jalisco Unión de Tula
5%
Chihuahua Uruachi
5%
Jalisco Valle de Guadalupe
5%
Jalisco Valle de Juárez
5%
San Luis Potosí Vanegas
5%
San Luis Potosí Villa de Arista
5%
San Luis Potosí Villa de Arriaga
5%
San Luis Potosí Villa de Guadalupe
5%
San Luis Potosí Villa de la Paz
5%
Sonora Villa Pesqueira
5%
Puebla Xicotepec
5%
Hidalgo Yahualica
5%
Puebla Zacapoaxtla
5%
Morelos | México | Veracruz de Ignacio de la Llave Zacualpan
5%
Guerrero Zihuatanejo de Azueta
5%
Hidalgo Zimapán
5%
Yucatán Abalá
4%
Oaxaca Abejones
4%
Jalisco Acatlán de Juárez
4%
Yucatán Akil
4%
Jalisco Amatitán
4%
Guerrero Arcelia
4%
San Luis Potosí Armadillo de los Infante
4%
Zacatecas Atolinga
4%
Morelos Axochiapan
4%
San Luis Potosí Axtla de Terrazas
4%
Sonora Bacoachi
4%
Sonora Banámichi
4%
Chiapas Bochil
4%
Yucatán Cenotillo
4%
Chiapas Chamula
4%
Chiapas Chanal
4%
Michoacán de Ocampo Charo
4%
Yucatán Chicxulub Pueblo
4%
México Coatepec Harinas
4%
México Cocotitlán
4%
Veracruz de Ignacio de la Llave Cosoleacaque
4%
Guerrero Cuautepec
4%
Puebla Cuautlancingo
4%
Puebla Cuetzalan del Progreso
4%
Jalisco Cuquío
4%
Zacatecas El Plateado de Joaquín Amaro
4%
Chiapas El Porvenir
4%
Veracruz de Ignacio de la Llave Espinal
4%
Jalisco Etzatlán
4%
Zacatecas General Enrique Estrada
4%
Zacatecas General Francisco R. Murguía
4%
Zacatecas General Pánfilo Natera
4%
Jalisco Guachinango
4%
Oaxaca Guelatao de Juárez
4%
Jalisco Hostotipaquillo
4%
Zacatecas Huanusco
4%
Sonora Huásabas
4%
San Luis Potosí Huehuetlán
4%
Jalisco Huejúcar
4%
Hidalgo Huejutla de Reyes
4%
México Hueypoxtla
4%
Hidalgo Huichapan
4%
Chiapas Huixtla
4%
Veracruz de Ignacio de la Llave Ignacio de la Llave
4%
Michoacán de Ocampo Jiquilpan
4%
Jalisco Juchitlán
4%
Yucatán Kanasín
4%
Michoacán de Ocampo La Huacana
4%
Veracruz de Ignacio de la Llave Mariano Escobedo
4%
Yucatán Mayapán
4%
Morelos Mazatepec
4%
San Luis Potosí Mexquitic de Carmona
4%
Veracruz de Ignacio de la Llave Miahuatlán
4%
Zacatecas Miguel Auza
4%
Veracruz de Ignacio de la Llave Misantla
4%
Zacatecas Moyahua de Estrada
4%
Zacatecas Noria de Ángeles
4%
Oaxaca Ocotlán de Morelos
4%
México Ocuilan
4%
Guerrero Olinalá
4%
Guerrero Ometepec
4%
Sonora Onavas
4%
Puebla Oriental
4%
Yucatán Oxkutzcab
4%
Puebla Pahuatlán
4%
Yucatán Panabá
4%
Chiapas Pantelhó
4%
Michoacán de Ocampo Parácuaro
4%
Veracruz de Ignacio de la Llave Paso de Ovejas
4%
Jalisco Pihuamo
4%
Morelos Puente de Ixtla
4%
Zacatecas Sain Alto
4%
Chiapas Salto de Agua
4%
Veracruz de Ignacio de la Llave San Andrés Tuxtla
4%
México San Antonio la Isla
4%
San Luis Potosí San Ciro de Acosta
4%
Jalisco San Diego de Alejandría
4%
Jalisco San Ignacio Cerro Gordo
4%
Puebla San Nicolás de los Ranchos
4%
San Luis Potosí San Nicolás Tolentino
4%
Sonora San Pedro de la Cueva
4%
Nayarit San Pedro Lagunillas
4%
Oaxaca Santa María Chimalapa
4%
Yucatán Seyé
4%
Sonora Soyopa
4%
Yucatán Suma
4%
Zacatecas Susticacán
4%
Jalisco Tamazula de Gordiano
4%
Jalisco Tecalitlán
4%
Yucatán Tecoh
4%
México Temascalcingo
4%
México Temascaltepec
4%
Zacatecas Tepechitlán
4%
México Tepetlaoxtoc
4%
México Tepetlixpa
4%
Puebla Tetela de Ocampo
4%
Zacatecas Teúl de González Ortega
4%
México Tianguistenco
4%
Yucatán Ticul
4%
Puebla Tilapa
4%
Michoacán de Ocampo Tingambato
4%
Yucatán Tinum
4%
Puebla Tlapacoya
4%
Puebla Tlatlauquitepec
4%
Morelos Tlayacapan
4%
Chiapas Totolapa
4%
Jalisco Tototlán
4%
Veracruz de Ignacio de la Llave Tres Valles
4%
Zacatecas Trinidad García de la Cadena
4%
Sonora Tubutama
4%
Jalisco Unión de San Antonio
4%
San Luis Potosí Villa de Ramos
4%
Zacatecas Villa González Ortega
4%
México Xonacatlán
4%
Yucatán Yaxcabá
4%
Yucatán Yobaín
4%
Michoacán de Ocampo Zacapu
4%
Michoacán de Ocampo Zinapécuaro
4%
Chiapas Acala
3%
Puebla Acatzingo
3%
Veracruz de Ignacio de la Llave Álamo Temapache
3%
Jalisco Amacueca
3%
Morelos Amacuzac
3%
Jalisco Atemajac de Brizuela
3%
Jalisco Atengo
3%
Jalisco Atenguillo
3%
México Atlautla
3%
Hidalgo Atotonilco de Tula
3%
Hidalgo Atotonilco el Grande
3%
México Axapusco
3%
México Ayapango
3%
Yucatán Bokobá
3%
Yucatán Cacalchén
3%
Yucatán Calotmul
3%
Veracruz de Ignacio de la Llave Camarón de Tejeda
3%
México Capulhuac
3%
Jalisco Casimiro Castillo
3%
Veracruz de Ignacio de la Llave Cazones de Herrera
3%
Michoacán de Ocampo Cherán
3%
Veracruz de Ignacio de la Llave Chinameca
3%
Yucatán Conkal
3%
Michoacán de Ocampo Contepec
3%
Puebla Coronango
3%
Puebla | San Luis Potosí Coxcatlán
3%
Yucatán Dzán
3%
Yucatán Dzilam de Bravo
3%
Yucatán Dzilam González
3%
Yucatán Espita
3%
Puebla Francisco Z. Mena
3%
Veracruz de Ignacio de la Llave Gutiérrez Zamora
3%
Oaxaca Heroica Ciudad de Huajuapan de León
3%
Veracruz de Ignacio de la Llave Hidalgotitlán
3%
Sonora Huachinera
3%
Veracruz de Ignacio de la Llave Huatusco
3%
Sonora Huépac
3%
Michoacán de Ocampo Huetamo
3%
Yucatán Huhí
3%
Yucatán Hunucmá
3%
Morelos Jantetelco
3%
México Jocotitlán
3%
Morelos Jonacatepec
3%
Jalisco La Manzanilla de la Paz
3%
Chiapas La Trinitaria
3%
Veracruz de Ignacio de la Llave Maltrata
3%
Chiapas Mapastepec
3%
San Luis Potosí Matlapa
3%
Morelos Miacatlán
3%
Jalisco Mixtlán
3%
Yucatán Mocochá
3%
Michoacán de Ocampo Múgica
3%
Puebla Ocoyucan
3%
Chiapas | Puebla Pantepec
3%
Michoacán de Ocampo Paracho
3%
Veracruz de Ignacio de la Llave Paso del Macho
3%
Guerrero Petatlán
3%
Jalisco San Cristóbal de la Barranca
3%
Veracruz de Ignacio de la Llave San Juan Evangelista
3%
Jalisco San Juanito de Escobedo
3%
Jalisco San Martín de Bolaños
3%
Oaxaca San Mateo Piñas
3%
Oaxaca San Miguel Chimalapa
3%
Oaxaca San Miguel del Río
3%
Puebla San Miguel Xoxtla
3%
Oaxaca Santa Gertrudis
3%
Puebla Santa Isabel Cholula
3%
Jalisco Santa María de los Ángeles
3%
Oaxaca Santa María del Rosario
3%
Oaxaca Santa María del Tule
3%
Oaxaca Santo Domingo Tehuantepec
3%
Sonora Suaqui Grande
3%
México Sultepec
3%
Veracruz de Ignacio de la Llave Tamiahua
3%
San Luis Potosí Tampamolón Corona
3%
San Luis Potosí Tancanhuitz
3%
Michoacán de Ocampo Tancítaro
3%
San Luis Potosí Tanlajás
3%
Jalisco Tecolotlán
3%
Guerrero Técpan de Galeana
3%
México Tejupilco
3%
Yucatán Tekantó
3%
México Temascalapa
3%
México Teoloyucan
3%
Michoacán de Ocampo Tepalcatepec
3%
Jalisco Tizapán el Alto
3%
Veracruz de Ignacio de la Llave Tlacotalpan
3%
Hidalgo Tlahuelilpan
3%
Michoacán de Ocampo Tlalpujahua
3%
Zacatecas Tlaltenango de Sánchez Román
3%
Morelos Tlaltizapán
3%
Veracruz de Ignacio de la Llave Tlapacoyan
3%
Guerrero Tlapa de Comonfort
3%
México Tonatico
3%
Jalisco Tonila
3%
Morelos Totolapan
3%
Jalisco Tuxcueca
3%
Veracruz de Ignacio de la Llave Ursulo Galván
3%
Veracruz de Ignacio de la Llave Vega de Alatorre
3%
Jalisco Villa Corona
3%
Oaxaca Villa Díaz Ordaz
3%
México Xalatlaco
3%
Jalisco Zacoalco de Torres
3%
Jalisco Zapotitlán de Vadillo
3%
Yucatán Acanceh
2%
Puebla Acateno
2%
Guerrero Acatepec
2%
Hidalgo Acaxochitlán
2%
Michoacán de Ocampo Acuitzio
2%
Veracruz de Ignacio de la Llave Acultzingo
2%
Jalisco Ahualulco de Mercado
2%
Puebla Ahuazotepec
2%
Veracruz de Ignacio de la Llave Alto Lucero de Gutiérrez Barrios
2%
Veracruz de Ignacio de la Llave Altotonga
2%
Chiapas Amatán
2%
Chiapas Angel Albino Corzo
2%
Michoacán de Ocampo Aporo
2%
Puebla Aquixtla
2%
Puebla Atempan
2%
Morelos Atlatlahucan
2%
Puebla Atzala
2%
Guerrero Ayutla de los Libres
2%
Michoacán de Ocampo Briseñas
2%
Veracruz de Ignacio de la Llave Camerino Z. Mendoza
2%
Jalisco Cañadas de Obregón
2%
Yucatán Cantamayec
2%
Michoacán de Ocampo Carácuaro
2%
Veracruz de Ignacio de la Llave Castillo de Teayo
2%
Yucatán Chankom
2%
Yucatán Chapab
2%
Michoacán de Ocampo Chavinda
2%
Chiapas Chiapilla
2%
Tlaxcala Chiautempan
2%
Chiapas Chicoasén
2%
Veracruz de Ignacio de la Llave Chicontepec
2%
Puebla Chignautla
2%
Guerrero Chilapa de Álvarez
2%
Jalisco Chimaltitán
2%
Jalisco Chiquilistlán
2%
Yucatán Chocholá
2%
Veracruz de Ignacio de la Llave Chontla
2%
Michoacán de Ocampo Churintzio
2%
Veracruz de Ignacio de la Llave Citlaltépetl
2%
Michoacán de Ocampo Coahuayana
2%
Morelos Coatlán del Río
2%
Guerrero Cochoapa el Grande
2%
Jalisco Concepción de Buenos Aires
2%
Guerrero Copalillo
2%
Veracruz de Ignacio de la Llave Cosamaloapan de Carpio
2%
Veracruz de Ignacio de la Llave Coscomatepec
2%
Jalisco Cuautitlán de García Barragán
2%
Yucatán Cuncunul
2%
Guerrero Cutzamala de Pinzón
2%
Michoacán de Ocampo Ecuandureo
2%
Hidalgo | Puebla Eloxochitlán
2%
Hidalgo Epazoyucan
2%
Chiapas Frontera Comalapa
2%
Chiapas Frontera Hidalgo
2%
Chiapas Huehuetán
2%
Puebla Huehuetlán el Chico
2%
Puebla Hueyapan
2%
Michoacán de Ocampo Irimbo
2%
Chiapas Ixhuatán
2%
Puebla Ixtacamaxtitlán
2%
Michoacán de Ocampo Jacona
2%
Jalisco Jilotlán de los Dolores
2%
México Jiquipilco
2%
México Joquicingo
2%
Puebla Juan C. Bonilla
2%
Hidalgo Juárez Hidalgo
2%
Veracruz de Ignacio de la Llave Las Vigas de Ramírez
2%
Guerrero Marquelia
2%
Jalisco Mexticacán
2%
Oaxaca Miahuatlán de Porfirio Díaz
2%
Chiapas Motozintla
2%
Veracruz de Ignacio de la Llave Naolinco
2%
Michoacán de Ocampo Nuevo Parangaricutiro
2%
Michoacán de Ocampo Nuevo Urecho
2%
Morelos Ocuituco
2%
Chiapas Osumacinta
2%
México Otzoloapan
2%
México Otzolotepec
2%
Michoacán de Ocampo Penjamillo
2%
Michoacán de Ocampo Peribán
2%
Oaxaca Pinotepa de Don Luis
2%
Veracruz de Ignacio de la Llave Playa Vicente
2%
Michoacán de Ocampo Puruándiro
2%
Michoacán de Ocampo Queréndaro
2%
Puebla Quimixtlán
2%
Jalisco Quitupan
2%
Puebla Rafael Lara Grajales
2%
Michoacán de Ocampo Salvador Escalante
2%
San Luis Potosí San Martín Chalchicuautla
2%
Jalisco San Martín Hidalgo
2%
Tlaxcala San Pablo del Monte
2%
Puebla San Salvador el Seco
2%
Puebla San Salvador el Verde
2%
México San Simón de Guerrero
2%
Oaxaca Santa Lucía del Camino
2%
Veracruz de Ignacio de la Llave Santiago Tuxtla
2%
San Luis Potosí San Vicente Tancuayalab
2%
Hidalgo Singuilucan
2%
México Soyaniquilpan de Juárez
2%
Chiapas Suchiapa
2%
Yucatán Sucilá
2%
San Luis Potosí Tampacán
2%
San Luis Potosí Tanquián de Escobedo
2%
Michoacán de Ocampo Tarímbaro
2%
Jalisco Techaluta de Montenegro
2%
Hidalgo Tecozautla
2%
Puebla Tehuitzingo
2%
México Temamatla
2%
Morelos Temoac
2%
Yucatán Temozón
2%
Jalisco Tenamaxtlán
2%
Hidalgo Tenango de Doria
2%
Jalisco Teocuitatlán de Corona
2%
Chiapas Teopisca
2%
Oaxaca Teotitlán del Valle
2%
Oaxaca Teotongo
2%
Morelos Tepalcingo
2%
Veracruz de Ignacio de la Llave Tepatlaxco
2%
Hidalgo Tepeapulco
2%
Hidalgo Tepeji del Río de Ocampo
2%
Puebla | Veracruz de Ignacio de la Llave Tepetzintla
2%
Puebla Tepeyahualco
2%
México Tequixquiac
2%
Morelos Tetecala
2%
Yucatán Tetiz
2%
Hidalgo Tianguistengo
2%
México Timilpan
2%
Michoacán de Ocampo Tingüindín
2%
Guerrero Tixtla de Guerrero
2%
Oaxaca Tlacolula de Matamoros
2%
Puebla Tlahuapan
2%
Morelos Tlaquiltenango
2%
Puebla Tochtepec
2%
Michoacán de Ocampo Tocumbo
2%
México Tonanitla
2%
Veracruz de Ignacio de la Llave Tonayán
2%
Jalisco Totatiche
2%
Jalisco Tuxcacuesco
2%
Michoacán de Ocampo Tzitzio
2%
Chiapas Villa Corzo
2%
Oaxaca Villa de Zaachila
2%
Jalisco Villa Purificación
2%
Tlaxcala Xaltocan
2%
Jalisco Yahualica de González Gallo
2%
Chiapas Yajalón
2%
Michoacán de Ocampo Yurécuaro
2%
Tlaxcala Zacatelco
2%
Veracruz de Ignacio de la Llave Zentla
2%
Chiapas Zinacantán
2%
Puebla Zinacatepec
2%
Veracruz de Ignacio de la Llave Zongolica
2%
Chiapas Acacoyagua
1%
Chiapas Acapetahua
1%
Oaxaca Acatlán de Pérez Figueroa
1%
Puebla Acteopan
1%
Hidalgo Agua Blanca de Iturbide
1%
Puebla Ahuatlán
1%
Puebla Ahuehuetitla
1%
Hidalgo Ajacuba
1%
Puebla Ajalpan
1%
Guerrero Ajuchitlán del Progreso
1%
Puebla Albino Zertuche
1%
Hidalgo Alfajayucan
1%
Puebla Aljojuca
1%
Veracruz de Ignacio de la Llave Alpatláhuac
1%
Guerrero Alpoyeca
1%
Puebla Altepexi
1%
Chiapas Amatenango de la Frontera
1%
Chiapas Amatenango del Valle
1%
Veracruz de Ignacio de la Llave Amatlán de los Reyes
1%
Tlaxcala Amaxac de Guerrero
1%
Puebla Amixtlán
1%
Veracruz de Ignacio de la Llave Angel R. Cabada
1%
Oaxaca Ánimas Trujano
1%
Veracruz de Ignacio de la Llave Apazapan
1%
Oaxaca Asunción Nochixtlán
1%
Guerrero Atenango del Río
1%
Hidalgo Atitalaquia
1%
Tlaxcala Atlangatepec
1%
Tlaxcala Atltzayanca
1%
Guerrero Atoyac de Álvarez
1%
Puebla Atoyatempan
1%
Veracruz de Ignacio de la Llave Atzalan
1%
Puebla Atzitzintla
1%
Puebla Axutla
1%
Puebla Ayotoxco de Guerrero
1%
Guerrero Azoyú
1%
Chiapas Bejucal de Ocampo
1%
Yucatán Buctzotz
1%
Guerrero Buenavista de Cuéllar
1%
Chiapas Cacahoatán
1%
Veracruz de Ignacio de la Llave Calcahualco
1%
Hidalgo Calnali
1%
Puebla Calpan
1%
Puebla Camocuautla
1%
Yucatán Cansahcab
1%
Hidalgo Cardonal
1%
Chiapas Catazajá
1%
Veracruz de Ignacio de la Llave Chacaltianguis
1%
Oaxaca Chahuites
1%
Puebla Chalchicomula de Sesma
1%
Chiapas Chalchihuitán
1%
Hidalgo Chapulhuacán
1%
Chiapas Chapultenango
1%
Michoacán de Ocampo Charapan
1%
Puebla Chiautzingo
1%
Yucatán Chichimilá
1%
Puebla Chichiquila
1%
Chiapas Chicomuselo
1%
Puebla Chiconcuautla
1%
Puebla Chietla
1%
Puebla Chigmecatitlán
1%
Yucatán Chikindzonot
1%
Puebla Chilchotla
1%
Michoacán de Ocampo Chinicuila
1%
Veracruz de Ignacio de la Llave Chocamán
1%
Michoacán de Ocampo Chucándiro
1%
Yucatán Chumayel
1%
Michoacán de Ocampo Churumuco
1%
Oaxaca Ciudad Ixtepec
1%
Guerrero Coahuayutla de José María Izazaga
1%
Michoacán de Ocampo Coalcomán de Vázquez Pallares
1%
Chiapas Coapilla
1%
Veracruz de Ignacio de la Llave Coatzintla
1%
Michoacán de Ocampo Coeneo
1%
Veracruz de Ignacio de la Llave Coetzala
1%
Puebla Cohetzala
1%
Veracruz de Ignacio de la Llave Colipa
1%
Veracruz de Ignacio de la Llave Comapa
1%
Chiapas Copainalá
1%
Michoacán de Ocampo Copándaro
1%
Oaxaca Cosolapa
1%
Veracruz de Ignacio de la Llave Cotaxtla
1%
Veracruz de Ignacio de la Llave Coxquihui
1%
Veracruz de Ignacio de la Llave Coyutla
1%
Guerrero Cuajinicuilapa
1%
Tlaxcala Cuapiaxtla
1%
Puebla Cuapiaxtla de Madero
1%
Puebla Cuautempan
1%
Puebla Cuautinchán
1%
Veracruz de Ignacio de la Llave Cuichapa
1%
Oaxaca Cuilápam de Guerrero
1%
Puebla Cuyoaco
1%
Yucatán Cuzamá
1%
Puebla Domingo Arenas
1%
Yucatán Dzemul
1%
Yucatán Dzidzantún
1%
Yucatán Dzitás
1%
Guerrero Eduardo Neri
1%
Puebla Epatlán
1%
Michoacán de Ocampo Epitacio Huerta
1%
Michoacán de Ocampo Erongarícuaro
1%
Chiapas Francisco León
1%
Michoacán de Ocampo Gabriel Zamora
1%
Guerrero General Heliodoro Castillo
1%
Oaxaca Heroica Ciudad de Juchitán de Zaragoza
1%
Yucatán Hocabá
1%
Yucatán Homún
1%
Guerrero Huamuxtitlán
1%
Michoacán de Ocampo Huandacareo
1%
Michoacán de Ocampo Huaniqueo
1%
Puebla Huaquechula
1%
Oaxaca Huautla de Jiménez
1%
Veracruz de Ignacio de la Llave Huayacocotla
1%
Puebla Huehuetlán el Grande
1%
Veracruz de Ignacio de la Llave Hueyapan de Ocampo
1%
Tlaxcala Hueyotlipan
1%
Puebla Hueytamalco
1%
Michoacán de Ocampo Huiramba
1%
Chiapas Huitiupán
1%
Puebla Huitzilan de Serdán
1%
Puebla Huitziltepec
1%
Guerrero Huitzuco de los Figueroa
1%
Chiapas Huixtán
1%
Michoacán de Ocampo Indaparapeo
1%
Puebla Ixcamilpa de Guerrero
1%
Guerrero Ixcateopan de Cuauhtémoc
1%
Veracruz de Ignacio de la Llave Ixhuatlancillo
1%
Veracruz de Ignacio de la Llave Ixhuatlán del Café
1%
Veracruz de Ignacio de la Llave Ixhuatlán del Sureste
1%
Veracruz de Ignacio de la Llave Ixhuatlán de Madero
1%
Chiapas Ixtacomitán
1%
Veracruz de Ignacio de la Llave Ixtaczoquitlán
1%
Chiapas Ixtapangajoya
1%
Tlaxcala Ixtenco
1%
Oaxaca Ixtlán de Juárez
1%
Veracruz de Ignacio de la Llave Jalacingo
1%
Veracruz de Ignacio de la Llave Jáltipan
1%
Hidalgo Jaltocán
1%
Veracruz de Ignacio de la Llave Jamapa
1%
Veracruz de Ignacio de la Llave Jesús Carranza
1%
Chiapas Jiquipilas
1%
Chiapas Jitotol
1%
Puebla Jolalpan
1%
Puebla Jonotla
1%
Puebla Jopala
1%
Veracruz de Ignacio de la Llave José Azueta
1%
Michoacán de Ocampo José Sixto Verduzco
1%
Puebla Juan Galindo
1%
Guerrero Juan R. Escudero
1%
Veracruz de Ignacio de la Llave Juan Rodríguez Clara
1%
Michoacán de Ocampo Jungapeo
1%
Yucatán Kantunil
1%
Yucatán Kaua
1%
Puebla Lafragua
1%
Veracruz de Ignacio de la Llave Landero y Coss
1%
Chiapas Larráinzar
1%
Guerrero La Unión de Isidoro Montes de Oca
1%
Guerrero Leonardo Bravo
1%
Hidalgo Lolotla
1%
Chiapas Maravilla Tenejapa
1%
Michoacán de Ocampo Marcos Castellanos
1%
Chiapas Marqués de Comillas
1%
Oaxaca Mártires de Tacubaya
1%
Oaxaca Matías Romero Avendaño
1%
Chiapas Mazapa de Madero
1%
Chiapas Metapa
1%
Guerrero Metlatónoc
1%
Hidalgo Metztitlán
1%
Chiapas Mitontic
1%
Hidalgo Mixquiahuala de Juárez
1%
Guerrero Mochitlán
1%
Chiapas Montecristo de Guerrero
1%
Michoacán de Ocampo Nahuatzen
1%
Veracruz de Ignacio de la Llave Naranjos Amatlán
1%
Puebla Naupan
1%
Puebla Nealtican
1%
Hidalgo Nicolás Flores
1%
Chiapas Nicolás Ruíz
1%
Michoacán de Ocampo Nocupétaro
1%
Hidalgo Nopala de Villagrán
1%
Puebla Nopalucan
1%
Michoacán de Ocampo Numarán
1%
Chiapas Ocozocoautla de Espinosa
1%
Puebla Olintla
1%
Veracruz de Ignacio de la Llave Oluta
1%
Veracruz de Ignacio de la Llave Omealca
1%
Hidalgo Omitlán de Juárez
1%
Yucatán Opichén
1%
Chiapas Ostuacán
1%
Veracruz de Ignacio de la Llave Oteapan
1%
Chiapas Oxchuc
1%
Veracruz de Ignacio de la Llave Ozuluama de Mascareñas
1%
Hidalgo Pacula
1%
Michoacán de Ocampo Pajacuarán
1%
Veracruz de Ignacio de la Llave Pajapan
1%
Puebla Palmar de Bravo
1%
Michoacán de Ocampo Panindícuaro
1%
Tlaxcala Panotla
1%
Puebla Petlalcingo
1%
Puebla Piaxtla
1%
Chiapas Pichucalco
1%
Guerrero Pilcaya
1%
Hidalgo Progreso de Obregón
1%
Chiapas Pueblo Nuevo Solistahuacán
1%
Veracruz de Ignacio de la Llave Puente Nacional
1%
Guerrero Pungarabato
1%
Michoacán de Ocampo Purépero
1%
Oaxaca Putla Villa de Guerrero
1%
Puebla Quecholac
1%
Guerrero Quechultenango
1%
Veracruz de Ignacio de la Llave Rafael Delgado
1%
Veracruz de Ignacio de la Llave Rafael Lucio
1%
Chiapas Sabanilla
1%
Yucatán Sacalum
1%
Veracruz de Ignacio de la Llave Saltabarranca
1%
Yucatán Samahil
1%
Hidalgo San Agustín Tlaxiaca
1%
Yucatán Sanahcat
1%
Chiapas San Andrés Duraznal
1%
Oaxaca San Andrés Yaá
1%
Puebla San Felipe Teotlalcingo
1%
Oaxaca San Francisco del Mar
1%
Puebla San Gregorio Atzompa
1%
Tlaxcala San Jerónimo Zacualpan
1%
Puebla San José Chiapa
1%
Puebla San Juan Atenco
1%
Oaxaca San Juan Bautista Valle Nacional
1%
Chiapas San Juan Cancuc
1%
Oaxaca San Juan Colorado
1%
Guerrero San Luis Acatlán
1%
Oaxaca San Martín Peras
1%
Puebla San Matías Tlalancaleca
1%
Oaxaca San Miguel el Grande
1%
Guerrero San Miguel Totolapan
1%
Puebla San Nicolás Buenos Aires
1%
Puebla San Pablo Anicano
1%
Oaxaca San Pablo Etla
1%
Oaxaca San Pablo Villa de Mitla
1%
Oaxaca San Pedro Mártir
1%
Michoacán de Ocampo Santa Ana Maya
1%
Oaxaca Santa Catarina Juquila
1%
Oaxaca Santa Cruz Xoxocotlán
1%
Oaxaca Santa Magdalena Jicotlán
1%
Oaxaca Santa María Xadani
1%
Chiapas Santiago el Pinar
1%
Oaxaca Santiago Huajolotitlán
1%
Oaxaca Santiago Jamiltepec
1%
Oaxaca Santiago Juxtlahuaca
1%
Oaxaca Santiago Matatlán
1%
Hidalgo Santiago Tulantepec de Lugo Guerrero
1%
Oaxaca Santo Domingo Tonalá
1%
Oaxaca Santos Reyes Yucuná
1%
Puebla Santo Tomás Hueyotlipan
1%
Veracruz de Ignacio de la Llave Sayula de Alemán
1%
Michoacán de Ocampo Senguio
1%
Chiapas Siltepec
1%
Chiapas Simojovel
1%
Yucatán Sinanché
1%
Chiapas Sitalá
1%
Veracruz de Ignacio de la Llave Sochiapa
1%
Chiapas Socoltenango
1%
Chiapas Solosuchiapa
1%
Veracruz de Ignacio de la Llave Soteapan
1%
Yucatán Sotuta
1%
Chiapas Soyaló
1%
Yucatán Sudzal
1%
Chiapas Sunuapa
1%
Michoacán de Ocampo Susupuato
1%
Yucatán Tahmek
1%
Veracruz de Ignacio de la Llave Tamalín
1%
Michoacán de Ocampo Tangancícuaro
1%
Michoacán de Ocampo Tanhuato
1%
Chiapas Tapalapa
1%
Chiapas Tapilula
1%
Michoacán de Ocampo Taretan
1%
Hidalgo Tasquillo
1%
Puebla Tecali de Herrera
1%
Guerrero Tecoanapa
1%
Puebla Tecomatlán
1%
Chiapas Tecpatán
1%
Yucatán Tekal de Venegas
1%
Guerrero Teloloapan
1%
Veracruz de Ignacio de la Llave Tempoal
1%
Chiapas Tenejapa
1%
Veracruz de Ignacio de la Llave Teocelo
1%
Tlaxcala Teolocholco
1%
Puebla Teopantlán
1%
Puebla Teotlalco
1%
Puebla Tepatlaxco de Hidalgo
1%
Puebla Tepeojuma
1%
Veracruz de Ignacio de la Llave Tepetlán
1%
Puebla Tepexco
1%
Puebla Tepexi de Rodríguez
1%
Tlaxcala Tepeyanco
1%
Tlaxcala Terrenate
1%
Puebla Teteles de Avila Castillo
1%
Tlaxcala Tetla de la Solidaridad
1%
México Texcaltitlán
1%
México Texcalyacac
1%
Veracruz de Ignacio de la Llave Texistepec
1%
Oaxaca Tezoatlán de Segura y Luna
1%
Puebla Tianguismanalco
1%
Veracruz de Ignacio de la Llave Tihuatlán
1%
Michoacán de Ocampo Tiquicheo de Nicolás Romero
1%
Yucatán Tixkokob
1%
Puebla Tlachichuca
1%
Veracruz de Ignacio de la Llave Tlacolulan
1%
Guerrero Tlalchapa
1%
Veracruz de Ignacio de la Llave Tlaltetela
1%
Puebla Tlaola
1%
Puebla Tlapanalá
1%
Guerrero Tlapehuala
1%
Puebla Tochimilco
1%
Puebla Tulcingo
1%
Chiapas Tumbalá
1%
Michoacán de Ocampo Tumbiscatío
1%
Michoacán de Ocampo Turicato
1%
Chiapas Tuzantán
1%
Michoacán de Ocampo Tuzantla
1%
Chiapas Tzimol
1%
Yucatán Tzucacab
1%
Oaxaca Unión Hidalgo
1%
Veracruz de Ignacio de la Llave Uxpanapa
1%
Chiapas Villa Comaltitlán
1%
Oaxaca Villa de Etla
1%
Hidalgo Villa de Tezontepec
1%
Tlaxcala Xaloztoc
1%
Guerrero Xalpatláhuac
1%
Tlaxcala Xicohtzinco
1%
Puebla Xicotlán
1%
Puebla Xiutetelco
1%
Guerrero Xochihuehuetlán
1%
Puebla Xochiltepec
1%
Guerrero Xochistlahuaca
1%
Veracruz de Ignacio de la Llave Xoxocotla
1%
Oaxaca Yaxe
1%
Yucatán Yaxkukul
1%
Puebla Yehualtepec
1%
Puebla Zacapala
1%
Puebla Zapotitlán de Méndez
1%
Puebla Zautla
1%
Oaxaca Zimatlán de Álvarez
1%
Michoacán de Ocampo Ziracuaretiro
1%
Guerrero Zirándaro
1%
Guerrero Zitlala
1%
Puebla Zongozotla
1%
Puebla Zoquiapan
1%
Puebla Zoquitlán
1%
Veracruz de Ignacio de la Llave Zozocolco de Hidalgo
1%
México Zumpahuacán
1%
Tlaxcala Acuamanala de Miguel Hidalgo
0%
Guerrero Ahuacuotzingo
0%
Guerrero Alcozauca de Guerrero
0%
Michoacán de Ocampo Angamacutiro
0%
Guerrero Apaxtla
0%
Tlaxcala Apetatitlán de Antonio Carvajal
0%
Veracruz de Ignacio de la Llave Astacinga
0%
Oaxaca Asunción Cacalotepec
0%
Oaxaca Asunción Cuyotepeji
0%
Oaxaca Asunción Ixtaltepec
0%
Oaxaca Asunción Ocotlán
0%
Oaxaca Asunción Tlacolulita
0%
Puebla Atexcal
0%
Veracruz de Ignacio de la Llave Atlahuilco
0%
Guerrero Atlamajalcingo del Monte
0%
Hidalgo Atlapexco
0%
Puebla Atlequizayan
0%
Guerrero Atlixtac
0%
Veracruz de Ignacio de la Llave Atzacan
0%
Puebla Atzitzihuacán
0%
Veracruz de Ignacio de la Llave Ayahualulco
0%
Oaxaca Ayoquezco de Aldama
0%
Oaxaca Ayotzintepec
0%
Oaxaca Calihualá
0%
Puebla Caltepec
0%
Puebla Cañada Morelos
0%
Oaxaca Candelaria Loxicha
0%
Oaxaca Capulálpam de Méndez
0%
Veracruz de Ignacio de la Llave Carlos A. Carrillo
0%
Puebla Caxhuacan
0%
Yucatán Chacsinkín
0%
Oaxaca Chalcatongo de Hidalgo
0%
Hidalgo Chapantongo
0%
Puebla Chapulco
0%
Veracruz de Ignacio de la Llave Chiconamel
0%
Veracruz de Ignacio de la Llave Chiconquiaco
0%
Hidalgo Chilcuautla
0%
Veracruz de Ignacio de la Llave Chinampa de Gorostiza
0%
Puebla Chinantla
0%
Oaxaca Chiquihuitlán de Benito Juárez
0%
Veracruz de Ignacio de la Llave Chumatlán
0%
Oaxaca Ciénega de Zimatlán
0%
Veracruz de Ignacio de la Llave Coacoatzintla
0%
Veracruz de Ignacio de la Llave Coahuitlán
0%
Oaxaca Coatecas Altas
0%
Puebla Coatzingo
0%
Puebla Cohuecan
0%
Oaxaca Coicoyán de las Flores
0%
Michoacán de Ocampo Cojumatlán de Régules
0%
Oaxaca Concepción Buenavista
0%
Oaxaca Concepción Pápalo
0%
Oaxaca Constancia del Rosario
0%
Tlaxcala Contla de Juan Cuamatzi
0%
Guerrero Copanatoyac
0%
Veracruz de Ignacio de la Llave Cosautlán de Carvajal
0%
Oaxaca Cosoltepec
0%
Puebla Coyomeapan
0%
Guerrero Cualác
0%
Hidalgo Cuautepec de Hinojosa
0%
Tlaxcala Cuaxomulco
0%
Puebla Cuayuca de Andrade
0%
Guerrero Cuetzala del Progreso
0%
Oaxaca Cuyamecalco Villa de Zaragoza
0%
Yucatán Dzoncauich
0%
Oaxaca El Barrio de la Soledad
0%
Tlaxcala El Carmen Tequexquitla
0%
Oaxaca Eloxochitlán de Flores Magón
0%
Veracruz de Ignacio de la Llave Filomeno Mata
0%
Guerrero Florencio Villarreal
0%
Oaxaca Fresnillo de Trujano
0%
Guerrero General Canuto A. Neri
0%
Oaxaca Guadalupe de Ramírez
0%
Oaxaca Guadalupe Etla
0%
Oaxaca Guevea de Humboldt
0%
Oaxaca Heroica Ciudad de Ejutla de Crespo
0%
Yucatán Hoctún
0%
Puebla Huatlatlauca
0%
Oaxaca Huautepec
0%
Hidalgo Huazalingo
0%
Puebla Hueytlalpan
0%
Veracruz de Ignacio de la Llave Huiloapan de Cuauhtémoc
0%
Guerrero Igualapa
0%
Veracruz de Ignacio de la Llave Ilamatlán
0%
Guerrero Iliatenco
0%
Puebla Ixcaquixtla
0%
Veracruz de Ignacio de la Llave Ixcatepec
0%
Veracruz de Ignacio de la Llave Ixhuacán de los Reyes
0%
Veracruz de Ignacio de la Llave Ixmatlahuacan
0%
Oaxaca Ixpantepec Nieves
0%
Tlaxcala Ixtacuixtla de Mariano Matamoros
0%
Hidalgo Jacala de Ledezma
0%
Veracruz de Ignacio de la Llave Jalcomulco
0%
Guerrero José Joaquin de Herrera
0%
Puebla Juan N. Méndez
0%
Veracruz de Ignacio de la Llave Juchique de Ferrer
0%
Yucatán Kinchil
0%
Yucatán Kopomá
0%
Oaxaca La Compañía
0%
Tlaxcala La Magdalena Tlaltelulco
0%
Puebla La Magdalena Tlatlauquitepec
0%
Oaxaca La Trinidad Vista Hermosa
0%
Puebla Los Reyes de Juárez
0%
Oaxaca Magdalena Apasco
0%
Oaxaca Magdalena Jaltepec
0%
Oaxaca Magdalena Mixtepec
0%
Oaxaca Magdalena Ocotlán
0%
Oaxaca Magdalena Peñasco
0%
Oaxaca Magdalena Teitipac
0%
Oaxaca Magdalena Tequisistlán
0%
Oaxaca Magdalena Tlacotepec
0%
Oaxaca Magdalena Yodocono de Porfirio Díaz
0%
Oaxaca Magdalena Zahuatlán
0%
Guerrero Malinaltepec
0%
Veracruz de Ignacio de la Llave Manlio Fabio Altamirano
0%
Oaxaca Mariscala de Juárez
0%
Guerrero Mártir de Cuilapan
0%
Puebla Mazapiltepec de Juárez
0%
Tlaxcala Mazatecochco de José María Morelos
0%
Oaxaca Mazatlán Villa de Flores
0%
Veracruz de Ignacio de la Llave Mecatlán
0%
Veracruz de Ignacio de la Llave Mecayapan
0%
Oaxaca Mesones Hidalgo
0%
Oaxaca Mixistlán de la Reforma
0%
Veracruz de Ignacio de la Llave Mixtla de Altamirano
0%
Hidalgo Molango de Escamilla
0%
Puebla Molcaxac
0%
Veracruz de Ignacio de la Llave Moloacán
0%
Tlaxcala Muñoz de Domingo Arenas
0%
Yucatán Muxupip
0%
Tlaxcala Nanacamilpa de Mariano Arista
0%
Veracruz de Ignacio de la Llave Nanchital de Lázaro Cárdenas del Río
0%
Puebla Nauzontla
0%
Oaxaca Nazareno Etla
0%
Oaxaca Nejapa de Madero
0%
Oaxaca Nuevo Zoquiápam
0%
Veracruz de Ignacio de la Llave Otatitlán
0%
Tlaxcala Papalotla de Xicohténcatl
0%
Guerrero Pedro Ascencio Alquisiras
0%
Veracruz de Ignacio de la Llave Platón Sánchez
0%
Oaxaca Pluma Hidalgo
0%
Oaxaca Reforma de Pineda
0%
Oaxaca Reyes Etla
0%
Oaxaca Rojas de Cuauhtémoc
0%
Oaxaca San Agustín Amatengo
0%
Oaxaca San Agustín Atenango
0%
Oaxaca San Agustín Chayuco
0%
Oaxaca San Agustín de las Juntas
0%
Oaxaca San Agustín Etla
0%
Oaxaca San Agustín Loxicha
0%
Hidalgo San Agustín Metzquititlán
0%
Oaxaca San Agustín Tlacotepec
0%
Oaxaca San Agustín Yatareni
0%
Oaxaca San Andrés Cabecera Nueva
0%
Oaxaca San Andrés Dinicuiti
0%
Oaxaca San Andrés Huaxpaltepec
0%
Oaxaca San Andrés Huayápam
0%
Oaxaca San Andrés Ixtlahuaca
0%
Oaxaca San Andrés Lagunas
0%
Oaxaca San Andrés Nuxiño
0%
Oaxaca San Andrés Paxtlán
0%
Oaxaca San Andrés Sinaxtla
0%
Oaxaca San Andrés Solaga
0%
Veracruz de Ignacio de la Llave San Andrés Tenejapan
0%
Oaxaca San Andrés Teotilálpam
0%
Oaxaca San Andrés Tepetlapa
0%
Oaxaca San Andrés Zabache
0%
Oaxaca San Andrés Zautla
0%
Oaxaca San Antonino Castillo Velasco
0%
Oaxaca San Antonino el Alto
0%
Oaxaca San Antonino Monte Verde
0%
Oaxaca San Antonio Acutla
0%
Puebla San Antonio Cañada
0%
Oaxaca San Antonio de la Cal
0%
Oaxaca San Antonio Huitepec
0%
Oaxaca San Antonio Nanahuatípam
0%
Oaxaca San Antonio Sinicahua
0%
Oaxaca San Antonio Tepetlapa
0%
Oaxaca San Baltazar Chichicápam
0%
Oaxaca San Baltazar Loxicha
0%
Oaxaca San Baltazar Yatzachi el Bajo
0%
Oaxaca San Bartolo Coyotepec
0%
Oaxaca San Bartolomé Ayautla
0%
Oaxaca San Bartolomé Loxicha
0%
Oaxaca San Bartolomé Quialana
0%
Oaxaca San Bartolomé Yucuañe
0%
Oaxaca San Bartolomé Zoogocho
0%
Oaxaca San Bartolo Soyaltepec
0%
Hidalgo San Bartolo Tutotepec
0%
Oaxaca San Bartolo Yautepec
0%
Oaxaca San Bernardo Mixtepec
0%
Oaxaca San Blas Atempa
0%
Oaxaca San Carlos Yautepec
0%
Oaxaca San Cristóbal Amatlán
0%
Oaxaca San Cristóbal Amoltepec
0%
Oaxaca San Cristóbal Lachirioag
0%
Oaxaca San Cristóbal Suchixtlahuaca
0%
Tlaxcala Sanctórum de Lázaro Cárdenas
0%
Tlaxcala San Damián Texóloc
0%
Puebla San Diego la Mesa Tochimiltzingo
0%
Oaxaca San Dionisio del Mar
0%
Oaxaca San Dionisio Ocotepec
0%
Oaxaca San Dionisio Ocotlán
0%
Oaxaca San Esteban Atatlahuca
0%
Oaxaca San Felipe Jalapa de Díaz
0%
Hidalgo San Felipe Orizatlán
0%
Oaxaca San Felipe Tejalápam
0%
Puebla San Felipe Tepatlán
0%
Oaxaca San Felipe Usila
0%
Oaxaca San Francisco Cahuacuá
0%
Oaxaca San Francisco Cajonos
0%
Oaxaca San Francisco Chapulapa
0%
Oaxaca San Francisco Chindúa
0%
Oaxaca San Francisco Huehuetlán
0%
Oaxaca San Francisco Ixhuatán
0%
Oaxaca San Francisco Jaltepetongo
0%
Oaxaca San Francisco Lachigoló
0%
Oaxaca San Francisco Logueche
0%
Oaxaca San Francisco Nuxaño
0%
Oaxaca San Francisco Ozolotepec
0%
Oaxaca San Francisco Sola
0%
Oaxaca San Francisco Telixtlahuaca
0%
Oaxaca San Francisco Teopan
0%
Tlaxcala San Francisco Tetlanohcan
0%
Oaxaca San Francisco Tlapancingo
0%
Puebla San Gabriel Chilac
0%
Oaxaca San Gabriel Mixtepec
0%
Oaxaca San Ildefonso Amatlán
0%
Oaxaca San Ildefonso Sola
0%
Oaxaca San Ildefonso Villa Alta
0%
Oaxaca San Jacinto Amilpas
0%
Oaxaca San Jacinto Tlacotepec
0%
Oaxaca San Jerónimo Coatlán
0%
Oaxaca San Jerónimo Silacayoapilla
0%
Oaxaca San Jerónimo Sosola
0%
Oaxaca San Jerónimo Taviche
0%
Oaxaca San Jerónimo Tecóatl
0%
Puebla San Jerónimo Tecuanipan
0%
Oaxaca San Jerónimo Tlacochahuaya
0%
Puebla San Jerónimo Xayacatlán
0%
Oaxaca San Jorge Nuchita
0%
Oaxaca San José Ayuquila
0%
Oaxaca San José Chiltepec
0%
Oaxaca San José del Peñasco
0%
Oaxaca San José del Progreso
0%
Oaxaca San José Estancia Grande
0%
Oaxaca San José Independencia
0%
Oaxaca San José Lachiguiri
0%
Puebla San José Miahuatlán
0%
Tlaxcala San José Teacalco
0%
Oaxaca San José Tenango
0%
Oaxaca San Juan Achiutla
0%
Oaxaca San Juan Atepec
0%
Puebla San Juan Atzompa
0%
Oaxaca San Juan Bautista Atatlahuca
0%
Oaxaca San Juan Bautista Coixtlahuaca
0%
Oaxaca San Juan Bautista Cuicatlán
0%
Oaxaca San Juan Bautista Guelache
0%
Oaxaca San Juan Bautista Jayacatlán
0%
Oaxaca San Juan Bautista Lo de Soto
0%
Oaxaca San Juan Bautista Suchitepec
0%
Oaxaca San Juan Bautista Tlachichilco
0%
Oaxaca San Juan Bautista Tlacoatzintepec
0%
Oaxaca San Juan Cacahuatepec
0%
Oaxaca San Juan Chicomezúchil
0%
Oaxaca San Juan Chilateca
0%
Oaxaca San Juan Cieneguilla
0%
Oaxaca San Juan Coatzóspam
0%
Oaxaca San Juan Comaltepec
0%
Oaxaca San Juan Cotzocón
0%
Oaxaca San Juan del Estado
0%
Oaxaca San Juan de los Cués
0%
Oaxaca San Juan Diuxi
0%
Oaxaca San Juan Evangelista Analco
0%
Oaxaca San Juan Guelavía
0%
Oaxaca San Juan Guichicovi
0%
Tlaxcala San Juan Huactzinco
0%
Oaxaca San Juan Ihualtepec
0%
Oaxaca San Juan Juquila Mixes
0%
Oaxaca San Juan Juquila Vijanos
0%
Oaxaca San Juan Lachao
0%
Oaxaca San Juan Lachigalla
0%
Oaxaca San Juan Lajarcia
0%
Oaxaca San Juan Lalana
0%
Oaxaca San Juan Mazatlán
0%
Oaxaca San Juan Mixtepec -Dto. 08 -
0%
Oaxaca San Juan Mixtepec -Dto. 26 -
0%
Oaxaca San Juan Ñumí
0%
Oaxaca San Juan Ozolotepec
0%
Oaxaca San Juan Petlapa
0%
Oaxaca San Juan Quiahije
0%
Oaxaca San Juan Quiotepec
0%
Oaxaca San Juan Sayultepec
0%
Oaxaca San Juan Tabaá
0%
Oaxaca San Juan Tamazola
0%
Oaxaca San Juan Teita
0%
Oaxaca San Juan Teitipac
0%
Oaxaca San Juan Tepeuxila
0%
Oaxaca San Juan Teposcolula
0%
Oaxaca San Juan Yaeé
0%
Oaxaca San Juan Yatzona
0%
Oaxaca San Juan Yucuita
0%
Oaxaca San Lorenzo Albarradas
0%
Tlaxcala San Lorenzo Axocomanitla
0%
Oaxaca San Lorenzo Cacaotepec
0%
Oaxaca San Lorenzo Cuaunecuiltitla
0%
Oaxaca San Lorenzo Texmelúcan
0%
Oaxaca San Lorenzo Victoria
0%
Oaxaca San Lucas Camotlán
0%
Oaxaca San Lucas Ojitlán
0%
Oaxaca San Lucas Quiaviní
0%
Tlaxcala San Lucas Tecopilco
0%
Oaxaca San Lucas Zoquiápam
0%
Oaxaca San Luis Amatlán
0%
Oaxaca San Marcial Ozolotepec
0%
Oaxaca San Marcos Arteaga
0%
Oaxaca San Martín de los Cansecos
0%
Oaxaca San Martín Huamelúlpam
0%
Oaxaca San Martín Itunyoso
0%
Oaxaca San Martín Lachilá
0%
Oaxaca San Martín Tilcajete
0%
Puebla San Martín Totoltepec
0%
Oaxaca San Martín Toxpalan
0%
Oaxaca San Martín Zacatepec
0%
Oaxaca San Mateo Cajonos
0%
Oaxaca San Mateo del Mar
0%
Oaxaca San Mateo Etlatongo
0%
Oaxaca San Mateo Nejápam
0%
Oaxaca San Mateo Peñasco
0%
Oaxaca San Mateo Río Hondo
0%
Oaxaca San Mateo Sindihui
0%
Oaxaca San Mateo Tlapiltepec
0%
Oaxaca San Mateo Yoloxochitlán
0%
Oaxaca San Mateo Yucutindó
0%
Oaxaca San Melchor Betaza
0%
Oaxaca San Miguel Achiutla
0%
Oaxaca San Miguel Ahuehuetitlán
0%
Oaxaca San Miguel Aloápam
0%
Oaxaca San Miguel Amatitlán
0%
Oaxaca San Miguel Amatlán
0%
Oaxaca San Miguel Chicahua
0%
Oaxaca San Miguel Coatlán
0%
Oaxaca San Miguel del Puerto
0%
Oaxaca San Miguel Ejutla
0%
Oaxaca San Miguel Huautla
0%
Puebla San Miguel Ixitlán
0%
Oaxaca San Miguel Mixtepec
0%
Oaxaca San Miguel Panixtlahuaca
0%
Oaxaca San Miguel Peras
0%
Oaxaca San Miguel Piedras
0%
Oaxaca San Miguel Quetzaltepec
0%
Oaxaca San Miguel Santa Flor
0%
Oaxaca San Miguel Soyaltepec
0%
Oaxaca San Miguel Suchixtepec
0%
Oaxaca San Miguel Tecomatlán
0%
Oaxaca San Miguel Tenango
0%
Oaxaca San Miguel Tequixtepec
0%
Oaxaca San Miguel Tilquiápam
0%
Oaxaca San Miguel Tlacamama
0%
Oaxaca San Miguel Tlacotepec
0%
Oaxaca San Miguel Tulancingo
0%
Oaxaca San Miguel Yotao
0%
Oaxaca San Nicolás Hidalgo
0%
Oaxaca San Pablo Coatlán
0%
Oaxaca San Pablo Cuatro Venados
0%
Oaxaca San Pablo Huitzo
0%
Oaxaca San Pablo Huixtepec
0%
Oaxaca San Pablo Macuiltianguis
0%
Oaxaca San Pablo Tijaltepec
0%
Oaxaca San Pablo Yaganiza
0%
Oaxaca San Pedro Amuzgos
0%
Oaxaca San Pedro Apóstol
0%
Oaxaca San Pedro Atoyac
0%
Oaxaca San Pedro Cajonos
0%
Oaxaca San Pedro Comitancillo
0%
Oaxaca San Pedro Coxcaltepec Cántaros
0%
Oaxaca San Pedro el Alto
0%
Oaxaca San Pedro Huamelula
0%
Oaxaca San Pedro Huilotepec
0%
Oaxaca San Pedro Ixcatlán
0%
Oaxaca San Pedro Ixtlahuaca
0%
Oaxaca San Pedro Jaltepetongo
0%
Oaxaca San Pedro Jicayán
0%
Oaxaca San Pedro Jocotipac
0%
Oaxaca San Pedro Juchatengo
0%
Oaxaca San Pedro Mártir Quiechapa
0%
Oaxaca San Pedro Mártir Yucuxaco
0%
Oaxaca San Pedro Mixtepec -Dto. 22 -
0%
Oaxaca San Pedro Mixtepec -Dto. 26 -
0%
Oaxaca San Pedro Molinos
0%
Oaxaca San Pedro Nopala
0%
Oaxaca San Pedro Ocopetatillo
0%
Oaxaca San Pedro Ocotepec
0%
Oaxaca San Pedro Pochutla
0%
Oaxaca San Pedro Quiatoni
0%
Oaxaca San Pedro Sochiápam
0%
Oaxaca San Pedro Tapanatepec
0%
Oaxaca San Pedro Taviche
0%
Oaxaca San Pedro Teozacoalco
0%
Oaxaca San Pedro Teutila
0%
Oaxaca San Pedro Tidaá
0%
Oaxaca San Pedro Topiltepec
0%
Oaxaca San Pedro Totolápam
0%
Oaxaca San Pedro Yaneri
0%
Puebla San Pedro Yeloixtlahuaca
0%
Oaxaca San Pedro Yólox
0%
Oaxaca San Pedro y San Pablo Ayutla
0%
Oaxaca San Pedro y San Pablo Teposcolula
0%
Oaxaca San Pedro y San Pablo Tequixtepec
0%
Oaxaca San Pedro Yucunama
0%
Oaxaca San Raymundo Jalpan
0%
Puebla San Salvador Huixcolotla
0%
Oaxaca San Sebastián Abasolo
0%
Oaxaca San Sebastián Coatlán
0%
Oaxaca San Sebastián Ixcapa
0%
Oaxaca San Sebastián Nicananduta
0%
Oaxaca San Sebastián Río Hondo
0%
Oaxaca San Sebastián Tecomaxtlahuaca
0%
Oaxaca San Sebastián Teitipac
0%
Puebla San Sebastián Tlacotepec
0%
Oaxaca San Sebastián Tutla
0%
Oaxaca San Simón Almolongas
0%
Oaxaca San Simón Zahuatlán
0%
Oaxaca Santa Ana Ateixtlahuaca
0%
Oaxaca Santa Ana Cuauhtémoc
0%
Oaxaca Santa Ana del Valle
0%
Tlaxcala Santa Ana Nopalucan
0%
Oaxaca Santa Ana Tavela
0%
Oaxaca Santa Ana Tlapacoyan
0%
Oaxaca Santa Ana Yareni
0%
Oaxaca Santa Ana Zegache
0%
Tlaxcala Santa Apolonia Teacalco
0%
Oaxaca Santa Catalina Quierí
0%
Tlaxcala Santa Catarina Ayometla
0%
Oaxaca Santa Catarina Cuixtla
0%
Oaxaca Santa Catarina Ixtepeji
0%
Oaxaca Santa Catarina Lachatao
0%
Oaxaca Santa Catarina Loxicha
0%
Oaxaca Santa Catarina Mechoacán
0%
Oaxaca Santa Catarina Minas
0%
Oaxaca Santa Catarina Quiané
0%
Oaxaca Santa Catarina Quioquitani
0%
Oaxaca Santa Catarina Tayata
0%
Oaxaca Santa Catarina Ticuá
0%
Puebla Santa Catarina Tlaltempan
0%
Oaxaca Santa Catarina Yosonotú
0%
Oaxaca Santa Catarina Zapoquila
0%
Oaxaca Santa Cruz Acatepec
0%
Oaxaca Santa Cruz Amilpas
0%
Oaxaca Santa Cruz de Bravo
0%
Oaxaca Santa Cruz Itundujia
0%
Oaxaca Santa Cruz Mixtepec
0%
Oaxaca Santa Cruz Nundaco
0%
Oaxaca Santa Cruz Papalutla
0%
Tlaxcala Santa Cruz Quilehtla
0%
Oaxaca Santa Cruz Tacache de Mina
0%
Oaxaca Santa Cruz Tacahua
0%
Oaxaca Santa Cruz Tayata
0%
Tlaxcala Santa Cruz Tlaxcala
0%
Oaxaca Santa Cruz Xitla
0%
Oaxaca Santa Cruz Zenzontepec
0%
Puebla Santa Inés Ahuatempan
0%
Oaxaca Santa Inés del Monte
0%
Oaxaca Santa Inés de Zaragoza
0%
Oaxaca Santa Inés Yatzeche
0%
Tlaxcala Santa Isabel Xiloxoxtla
0%
Oaxaca Santa Lucía Miahuatlán
0%
Oaxaca Santa Lucía Monteverde
0%
Oaxaca Santa Lucía Ocotlán
0%
Oaxaca Santa María Alotepec
0%
Oaxaca Santa María Apazco
0%
Oaxaca Santa María Camotlán
0%
Oaxaca Santa María Chachoápam
0%
Oaxaca Santa María Chilchotla
0%
Oaxaca Santa María Colotepec
0%
Oaxaca Santa María Cortijo
0%
Oaxaca Santa María Coyotepec
0%
Oaxaca Santa María Guelacé
0%
Oaxaca Santa María Guienagati
0%
Oaxaca Santa María Huazolotitlán
0%
Oaxaca Santa María Ipalapa
0%
Oaxaca Santa María Ixcatlán
0%
Oaxaca Santa María Jacatepec
0%
Oaxaca Santa María Jalapa del Marqués
0%
Oaxaca Santa María Jaltianguis
0%
Oaxaca Santa María la Asunción
0%
Oaxaca Santa María Lachixío
0%
Oaxaca Santa María Mixtequilla
0%
Oaxaca Santa María Nativitas
0%
Oaxaca Santa María Nduayaco
0%
Oaxaca Santa María Ozolotepec
0%
Oaxaca Santa María Pápalo
0%
Oaxaca Santa María Peñoles
0%
Oaxaca Santa María Petapa
0%
Oaxaca Santa María Quiegolani
0%
Oaxaca Santa María Sola
0%
Oaxaca Santa María Tataltepec
0%
Oaxaca Santa María Tecomavaca
0%
Oaxaca Santa María Temaxcalapa
0%
Oaxaca Santa María Temaxcaltepec
0%
Oaxaca Santa María Teopoxco
0%
Oaxaca Santa María Tepantlali
0%
Oaxaca Santa María Texcatitlán
0%
Oaxaca Santa María Tlahuitoltepec
0%
Oaxaca Santa María Tlalixtac
0%
Oaxaca Santa María Tonameca
0%
Oaxaca Santa María Totolapilla
0%
Oaxaca Santa María Yalina
0%
Oaxaca Santa María Yavesía
0%
Oaxaca Santa María Yolotepec
0%
Oaxaca Santa María Yosoyúa
0%
Oaxaca Santa María Yucuhiti
0%
Oaxaca Santa María Zacatepec
0%
Oaxaca Santa María Zaniza
0%
Oaxaca Santa María Zoquitlán
0%
Oaxaca Santiago Amoltepec
0%
Oaxaca Santiago Apoala
0%
Oaxaca Santiago Apóstol
0%
Oaxaca Santiago Astata
0%
Oaxaca Santiago Atitlán
0%
Oaxaca Santiago Ayuquililla
0%
Oaxaca Santiago Cacaloxtepec
0%
Oaxaca Santiago Camotlán
0%
Oaxaca Santiago Chazumba
0%
Oaxaca Santiago Choápam
0%
Oaxaca Santiago Comaltepec
0%
Hidalgo Santiago de Anaya
0%
Oaxaca Santiago del Río
0%
Oaxaca Santiago Huauclilla
0%
Oaxaca Santiago Ihuitlán Plumas
0%
Oaxaca Santiago Ixcuintepec
0%
Oaxaca Santiago Ixtayutla
0%
Oaxaca Santiago Jocotepec
0%
Oaxaca Santiago Lachiguiri
0%
Oaxaca Santiago Lalopa
0%
Oaxaca Santiago Laollaga
0%
Oaxaca Santiago Laxopa
0%
Oaxaca Santiago Llano Grande
0%
Puebla Santiago Miahuatlán
0%
Oaxaca Santiago Miltepec
0%
Oaxaca Santiago Minas
0%
Oaxaca Santiago Nacaltepec
0%
Oaxaca Santiago Nejapilla
0%
Oaxaca Santiago Niltepec
0%
Oaxaca Santiago Nundiche
0%
Oaxaca Santiago Nuyoó
0%
Veracruz de Ignacio de la Llave Santiago Sochiapan
0%
Oaxaca Santiago Suchilquitongo
0%
Oaxaca Santiago Tamazola
0%
Oaxaca Santiago Tapextla
0%
Oaxaca Santiago Tenango
0%
Oaxaca Santiago Tepetlapa
0%
Oaxaca Santiago Tetepec
0%
Oaxaca Santiago Texcalcingo
0%
Oaxaca Santiago Textitlán
0%
Oaxaca Santiago Tilantongo
0%
Oaxaca Santiago Tillo
0%
Oaxaca Santiago Tlazoyaltepec
0%
Oaxaca Santiago Xanica
0%
Oaxaca Santiago Xiacuí
0%
Oaxaca Santiago Yaitepec
0%
Oaxaca Santiago Yaveo
0%
Oaxaca Santiago Yolomécatl
0%
Oaxaca Santiago Yosondúa
0%
Oaxaca Santiago Yucuyachi
0%
Oaxaca Santiago Zacatepec
0%
Oaxaca Santiago Zoochila
0%
Oaxaca Santo Domingo Albarradas
0%
Oaxaca Santo Domingo Armenta
0%
Oaxaca Santo Domingo Chihuitán
0%
Oaxaca Santo Domingo de Morelos
0%
Oaxaca Santo Domingo Ingenio
0%
Oaxaca Santo Domingo Ixcatlán
0%
Oaxaca Santo Domingo Nuxaá
0%
Oaxaca Santo Domingo Ozolotepec
0%
Oaxaca Santo Domingo Petapa
0%
Oaxaca Santo Domingo Roayaga
0%
Oaxaca Santo Domingo Teojomulco
0%
Oaxaca Santo Domingo Tepuxtepec
0%
Oaxaca Santo Domingo Tlatayápam
0%
Oaxaca Santo Domingo Tomaltepec
0%
Oaxaca Santo Domingo Tonaltepec
0%
Oaxaca Santo Domingo Xagacía
0%
Oaxaca Santo Domingo Yanhuitlán
0%
Oaxaca Santo Domingo Yodohino
0%
Oaxaca Santo Domingo Zanatepec
0%
Oaxaca Santos Reyes Nopala
0%
Oaxaca Santos Reyes Pápalo
0%
Oaxaca Santos Reyes Tepejillo
0%
Oaxaca Santo Tomás Jalieza
0%
Oaxaca Santo Tomás Mazaltepec
0%
Oaxaca Santo Tomás Ocotepec
0%
Oaxaca Santo Tomás Tamazulapan
0%
Oaxaca San Vicente Coatlán
0%
Oaxaca San Vicente Lachixío
0%
Oaxaca San Vicente Nuñú
0%
Oaxaca Silacayoápam
0%
Oaxaca Sitio de Xitlapehua
0%
Veracruz de Ignacio de la Llave Soledad Atzompa
0%
Veracruz de Ignacio de la Llave Soledad de Doblado
0%
Oaxaca Soledad Etla
0%
Puebla Soltepec
0%
Yucatán Tahdziú
0%
Oaxaca Tamazulápam del Espíritu Santo
0%
Veracruz de Ignacio de la Llave Tancoco
0%
Oaxaca Tanetze de Zaragoza
0%
Oaxaca Taniche
0%
Veracruz de Ignacio de la Llave Tantima
0%
Veracruz de Ignacio de la Llave Tatahuicapan de Juárez
0%
Oaxaca Tataltepec de Valdés
0%
Veracruz de Ignacio de la Llave Tatatila
0%
Veracruz de Ignacio de la Llave Tehuipango
0%
Veracruz de Ignacio de la Llave Tenampa
0%
Puebla Tenampulco
0%
Oaxaca Teococuilco de Marcos Pérez
0%
Oaxaca Teotitlán de Flores Magón
0%
Yucatán Tepakán
0%
Puebla Tepanco de López
0%
Puebla Tepango de Rodríguez
0%
Guerrero Tepecoacuilco de Trujano
0%
Hidalgo Tepehuacán de Guerrero
0%
Oaxaca Tepelmeme Villa de Morelos
0%
Puebla Tepemaxalco
0%
Tlaxcala Tepetitla de Lardizábal
0%
Puebla Tepeyahualco de Cuauhtémoc
0%
Hidalgo Tetepango
0%
Guerrero Tetipac
0%
Tlaxcala Tetlatlahuca
0%
Veracruz de Ignacio de la Llave Texcatepec
0%
Veracruz de Ignacio de la Llave Texhuacán
0%
Veracruz de Ignacio de la Llave Tezonapa
0%
Hidalgo Tezontepec de Aldama
0%
Yucatán Timucuy
0%
Yucatán Tixcacalcupul
0%
Yucatán Tixmehuac
0%
Yucatán Tixpéhual
0%
Veracruz de Ignacio de la Llave Tlachichilco
0%
Guerrero Tlacoachistlahuaca
0%
Guerrero Tlacoapa
0%
Veracruz de Ignacio de la Llave Tlacojalpan
0%
Puebla Tlacotepec de Benito Juárez
0%
Veracruz de Ignacio de la Llave Tlacotepec de Mejía
0%
Oaxaca Tlacotepec Plumas
0%
Puebla Tlacuilotepec
0%
Hidalgo Tlahuiltepa
0%
Veracruz de Ignacio de la Llave Tlalixcoyan
0%
Oaxaca Tlalixtac de Cabrera
0%
Guerrero Tlalixtaquilla de Maldonado
0%
Veracruz de Ignacio de la Llave Tlalnelhuayocan
0%
Hidalgo Tlanalapa
0%
Hidalgo Tlanchinol
0%
Veracruz de Ignacio de la Llave Tlaquilpa
0%
Hidalgo Tlaxcoapan
0%
Michoacán de Ocampo Tlazazalca
0%
Veracruz de Ignacio de la Llave Tlilapan
0%
Tlaxcala Tocatlán
0%
Hidalgo Tolcayuca
0%
Tlaxcala Totolac
0%
Puebla Totoltepec de Guerrero
0%
Oaxaca Totontepec Villa de Morelos
0%
Veracruz de Ignacio de la Llave Totutla
0%
Oaxaca Trinidad Zaachila
0%
Yucatán Tunkás
0%
Veracruz de Ignacio de la Llave Tuxtilla
0%
Puebla Tuzamapan de Galeana
0%
Puebla Tzicatlacoyan
0%
Tlaxcala Tzompantepec
0%
Yucatán Uayma
0%
Oaxaca Valerio Trujano
0%
Oaxaca Villa de Chilapa de Díaz
0%
Oaxaca Villa de Tamazulápam del Progreso
0%
Oaxaca Villa de Tututepec de Melchor Ocampo
0%
Oaxaca Villa Sola de Vega
0%
Oaxaca Villa Talea de Castro
0%
Oaxaca Villa Tejúpam de la Unión
0%
Puebla Xayacatlán de Bravo
0%
Yucatán Xocchel
0%
Puebla Xochiapulco
0%
Hidalgo Xochiatipan
0%
Hidalgo Xochicoatlán
0%
Puebla Xochitlán de Vicente Suárez
0%
Puebla Xochitlán Todos Santos
0%
Puebla Yaonáhuac
0%
Tlaxcala Yauhquemehcan
0%
Veracruz de Ignacio de la Llave Yecuatla
0%
Oaxaca Yogana
0%
Oaxaca Yutanduchi de Guerrero
0%
Hidalgo Zacualtipán de Ángeles
0%
Oaxaca Zapotitlán Lagunas
0%
Oaxaca Zapotitlán Palmas
0%
Guerrero Zapotitlán Tablas
0%
Hidalgo Zapotlán de Juárez
0%
Puebla Zihuateutla
0%
Tlaxcala Ziltlaltépec de Trinidad Sánchez Santos
0%
Michoacán de Ocampo Zináparo
0%
Veracruz de Ignacio de la Llave Zontecomatlán de López y Fuentes
0%
No se encontraron pruebas coincidentes
Distribución de puntuación
Porcentaje de gente con cada puntuación
Porcentaje por número respondido
Historial de tus puntuaciones
No has intentado esta prueba.